<?xml version="1.0" encoding="UTF-8"?>
<collection xmlns="http://www.loc.gov/MARC21/slim">
<record>
  <controlfield tag="000">02282cam\a2200433Ia\4500</controlfield>
  <controlfield tag="001">337221</controlfield>
  <controlfield tag="005">20251009111621.0</controlfield>
  <controlfield tag="008">850524s1629\\\\fr\af\\\\\\\\\000\0\fre\d</controlfield>
  <datafield tag="035" ind1=" " ind2=" ">
    <subfield code="a">(OCoLC)ocm12077910</subfield>
  </datafield>
  <datafield tag="040" ind1=" " ind2=" ">
    <subfield code="a">CLU</subfield>
    <subfield code="b">eng</subfield>
    <subfield code="e">dcrmb</subfield>
    <subfield code="c">CLU</subfield>
    <subfield code="d">OCL</subfield>
    <subfield code="d">OCLCQ</subfield>
    <subfield code="d">OCLCF</subfield>
    <subfield code="d">OCLCQ</subfield>
    <subfield code="d">OCLCO</subfield>
    <subfield code="d">UXG</subfield>
    <subfield code="d">UtOrBLW</subfield>
  </datafield>
  <datafield tag="050" ind1=" " ind2="4">
    <subfield code="a">UF860</subfield>
    <subfield code="b">M299t, 1629</subfield>
  </datafield>
  <datafield tag="100" ind1="1" ind2=" ">
    <subfield code="a">Malthus, Francis,</subfield>
    <subfield code="0">nr 93009267,</subfield>
    <subfield code="e">author.</subfield>
  </datafield>
  <datafield tag="245" ind1="1" ind2="0">
    <subfield code="a">Traité des feux artificiels pour la guerre, et pour la recreation :</subfield>
    <subfield code="b">auec plusieurs belles obseruations, abbregez de geometrie, fortifications &amp; exemples d'arithmetique, en faueur des nouueaux étudians és mathematiques /</subfield>
    <subfield code="c">par le sieur F.D.M.</subfield>
  </datafield>
  <datafield tag="246" ind1="3" ind2=" ">
    <subfield code="a">TRAITÉ DES FEVX ARTIFICIELS POVR LA GVERRE, ET POVR LA RECREATION</subfield>
  </datafield>
  <datafield tag="260" ind1=" " ind2=" ">
    <subfield code="a">A Paris :</subfield>
    <subfield code="b">Chez Pierre Guillemot, au Palais, en la galerie des Prisonniers,</subfield>
    <subfield code="c">MDCXXIX [1629]</subfield>
  </datafield>
  <datafield tag="300" ind1=" " ind2=" ">
    <subfield code="a">[10], 243, [11] p., [1] leaf of plates :</subfield>
    <subfield code="b">ill. ;</subfield>
    <subfield code="c">18 cm (8vo)</subfield>
  </datafield>
  <datafield tag="336" ind1=" " ind2=" ">
    <subfield code="a">text</subfield>
    <subfield code="b">txt</subfield>
    <subfield code="2">rdacontent</subfield>
  </datafield>
  <datafield tag="337" ind1=" " ind2=" ">
    <subfield code="a">unmediated</subfield>
    <subfield code="b">n</subfield>
    <subfield code="2">rdamedia</subfield>
  </datafield>
  <datafield tag="338" ind1=" " ind2=" ">
    <subfield code="a">volume</subfield>
    <subfield code="b">nc</subfield>
    <subfield code="2">rdacarrier</subfield>
  </datafield>
  <datafield tag="340" ind1=" " ind2=" ">
    <subfield code="m">8vo</subfield>
    <subfield code="2">rdabf</subfield>
  </datafield>
  <datafield tag="340" ind1=" " ind2=" ">
    <subfield code="p">illustration</subfield>
    <subfield code="2">rdaill</subfield>
  </datafield>
  <datafield tag="340" ind1=" " ind2=" ">
    <subfield code="p">plate</subfield>
  </datafield>
  <datafield tag="500" ind1=" " ind2=" ">
    <subfield code="a">F.D.M. is Francis Malthus.</subfield>
  </datafield>
  <datafield tag="500" ind1=" " ind2=" ">
    <subfield code="a">"Auec priuilege du roy"--title page.</subfield>
  </datafield>
  <datafield tag="500" ind1=" " ind2=" ">
    <subfield code="a">Signatures: ã⁴ (-ã4) ẽ² A-2H⁴ 2I⁴ (-2I4).</subfield>
  </datafield>
  <datafield tag="500" ind1=" " ind2=" ">
    <subfield code="a">Added engraved illustrated title page.</subfield>
  </datafield>
  <datafield tag="500" ind1=" " ind2=" ">
    <subfield code="a">"Extraict du Priuilege du Roi" signed Senault--Leaves 2I2-2I3.</subfield>
  </datafield>
  <datafield tag="500" ind1=" " ind2=" ">
    <subfield code="a">More than 25 engraved illustrations throughout the text.</subfield>
  </datafield>
  <datafield tag="583" ind1="0" ind2=" ">
    <subfield code="a">preliminary cataloging</subfield>
    <subfield code="c">2014-12-08</subfield>
    <subfield code="k">RAB</subfield>
    <subfield code="5">DFo</subfield>
  </datafield>
  <datafield tag="583" ind1="0" ind2=" ">
    <subfield code="a">cataloged</subfield>
    <subfield code="c">2016-10</subfield>
    <subfield code="k">HMM AdvRBC 2016</subfield>
    <subfield code="n">1</subfield>
    <subfield code="o">piece</subfield>
    <subfield code="2">local</subfield>
    <subfield code="5">DFo</subfield>
  </datafield>
  <datafield tag="583" ind1="0" ind2=" ">
    <subfield code="a">revised</subfield>
    <subfield code="c">2016-11</subfield>
    <subfield code="k">DJL</subfield>
    <subfield code="x">AdvRBC 2016</subfield>
    <subfield code="2">local</subfield>
    <subfield code="5">DFo</subfield>
  </datafield>
  <datafield tag="650" ind1=" " ind2="0">
    <subfield code="a">Military fireworks</subfield>
    <subfield code="0">sh 85085199</subfield>
    <subfield code="v">Early works to 1800.</subfield>
    <subfield code="0">sh 99001366 </subfield>
  </datafield>
  <datafield tag="650" ind1=" " ind2="0">
    <subfield code="a">Fireworks</subfield>
    <subfield code="0">sh 85048575</subfield>
    <subfield code="v">Early works to 1800.</subfield>
    <subfield code="0">sh 99001366 </subfield>
  </datafield>
  <datafield tag="650" ind1=" " ind2="0">
    <subfield code="a">Mathematics</subfield>
    <subfield code="v">Early works to 1800.</subfield>
    <subfield code="0">sh2008107563</subfield>
  </datafield>
  <datafield tag="650" ind1=" " ind2="0">
    <subfield code="a">Fortification</subfield>
    <subfield code="v">Early works to 1800.</subfield>
    <subfield code="0">sh2008104066</subfield>
  </datafield>
  <datafield tag="655" ind1=" " ind2="7">
    <subfield code="a">Treatises.</subfield>
    <subfield code="0">300026681</subfield>
    <subfield code="2">aat</subfield>
  </datafield>
  <datafield tag="655" ind1=" " ind2="7">
    <subfield code="a">Illustrations (layout features)</subfield>
    <subfield code="0">300015578</subfield>
    <subfield code="2">aat</subfield>
  </datafield>
  <datafield tag="655" ind1=" " ind2="7">
    <subfield code="a">Printing privileges.</subfield>
    <subfield code="0">cv00653</subfield>
    <subfield code="2">rbmscv</subfield>
  </datafield>
  <datafield tag="700" ind1="1" ind2=" ">
    <subfield code="a">Guillemot, Pierre,</subfield>
    <subfield code="d">1587-</subfield>
    <subfield code="0">no2016149202,</subfield>
    <subfield code="e">bookseller,</subfield>
    <subfield code="e">publisher.</subfield>
  </datafield>
  <datafield tag="700" ind1="1" ind2=" ">
    <subfield code="a">Groigny, Hardouin,</subfield>
    <subfield code="d">active 17th century?,</subfield>
    <subfield code="e">former owner.</subfield>
    <subfield code="5">DFo</subfield>
  </datafield>
  <datafield tag="752" ind1=" " ind2=" ">
    <subfield code="a">France</subfield>
    <subfield code="d">Paris.</subfield>
    <subfield code="2">naf</subfield>
  </datafield>
  <datafield tag="852" ind1="8" ind2=" ">
    <subfield code="a">US-DFo</subfield>
    <subfield code="b">DeckC-Rare</subfield>
    <subfield code="h">268- 465q</subfield>
    <subfield code="z">Manuscript on title page: Hardouin Groigny. Reinforced vellum case binding with manuscript spine title: Feux artificiel. Acquired from JF Letenneur 2014-04-15.</subfield>
    <subfield code="7">490078</subfield>
    <subfield code="j">268465</subfield>
  </datafield>
  <datafield tag="909" ind1="C" ind2="O">
    <subfield code="o">oai:catalog.folger.edu:337221</subfield>
    <subfield code="p">GLOBAL_SET</subfield>
  </datafield>
  <datafield tag="980" ind1=" " ind2=" ">
    <subfield code="a">BIB</subfield>
  </datafield>
  <datafield tag="983" ind1=" " ind2=" ">
    <subfield code="a">Vault</subfield>
  </datafield>
</record>
<record>
  <controlfield tag="000">01701cam\a2200313Ia\4500</controlfield>
  <controlfield tag="001">303136</controlfield>
  <controlfield tag="005">20251009111251.0</controlfield>
  <controlfield tag="008">951020s1628\\\\fr\\\\\\\\\\\\000\0\fre\d</controlfield>
  <datafield tag="035" ind1=" " ind2=" ">
    <subfield code="a">(OCoLC)ocn935690190</subfield>
  </datafield>
  <datafield tag="040" ind1=" " ind2=" ">
    <subfield code="a">MH-H</subfield>
    <subfield code="b">eng</subfield>
    <subfield code="e">dcrmb</subfield>
    <subfield code="c">UXG</subfield>
    <subfield code="d">OCLCG</subfield>
    <subfield code="d">OCLCQ</subfield>
    <subfield code="d">UXG</subfield>
    <subfield code="d">UtOrBLW</subfield>
  </datafield>
  <datafield tag="079" ind1=" " ind2=" ">
    <subfield code="a">ocm80951878</subfield>
  </datafield>
  <datafield tag="100" ind1="1" ind2=" ">
    <subfield code="a">Marcassus, Pierre de,</subfield>
    <subfield code="d">1584-1664,</subfield>
    <subfield code="0">no2001097234,</subfield>
    <subfield code="e">author.</subfield>
  </datafield>
  <datafield tag="245" ind1="1" ind2="3">
    <subfield code="a">Le Timandre de Marcassus :</subfield>
    <subfield code="b">dedié a monseigneur frere du roy : obscuris vera inuoluens.</subfield>
  </datafield>
  <datafield tag="246" ind1="3" ind2=" ">
    <subfield code="a">Timandre de Marcassvs</subfield>
  </datafield>
  <datafield tag="260" ind1=" " ind2=" ">
    <subfield code="a">A Paris :</subfield>
    <subfield code="b">Chez Henry Sara, imprimeur de mr. frere du roy au Palais en la galerie des prisoniers,</subfield>
    <subfield code="c">[1628]</subfield>
  </datafield>
  <datafield tag="300" ind1=" " ind2=" ">
    <subfield code="a">[12] pages, 776 pages ;</subfield>
    <subfield code="c">18 cm (8vo)</subfield>
  </datafield>
  <datafield tag="336" ind1=" " ind2=" ">
    <subfield code="a">text</subfield>
    <subfield code="b">txt</subfield>
    <subfield code="2">rdacontent</subfield>
  </datafield>
  <datafield tag="337" ind1=" " ind2=" ">
    <subfield code="a">unmediated</subfield>
    <subfield code="b">n</subfield>
    <subfield code="2">rdamedia</subfield>
  </datafield>
  <datafield tag="338" ind1=" " ind2=" ">
    <subfield code="a">volume</subfield>
    <subfield code="b">nc</subfield>
    <subfield code="2">rdacarrier</subfield>
  </datafield>
  <datafield tag="340" ind1=" " ind2=" ">
    <subfield code="m">8vo</subfield>
    <subfield code="2">rdabf</subfield>
  </datafield>
  <datafield tag="500" ind1=" " ind2=" ">
    <subfield code="a">Engraved illustrated title page lettered: Chris. de Passe in.</subfield>
  </datafield>
  <datafield tag="500" ind1=" " ind2=" ">
    <subfield code="a">Auec priuilege du roy.</subfield>
  </datafield>
  <datafield tag="500" ind1=" " ind2=" ">
    <subfield code="a">Privilege dated 14 Apr. 1628; edition divided among T. du Bray, P. Rocolet and Sara.</subfield>
  </datafield>
  <datafield tag="500" ind1=" " ind2=" ">
    <subfield code="a">Signatures: ã⁴ chi² A-3B⁸ 3C⁴.</subfield>
  </datafield>
  <datafield tag="700" ind1="1" ind2=" ">
    <subfield code="a">Passe, Crispijn van de,</subfield>
    <subfield code="d">approximately 1565-1637,</subfield>
    <subfield code="0">n  85225189,</subfield>
    <subfield code="e">illustrator.</subfield>
  </datafield>
  <datafield tag="700" ind1="1" ind2=" ">
    <subfield code="a">Orléans, Gaston,</subfield>
    <subfield code="c">duc d',</subfield>
    <subfield code="d">1608-1660,</subfield>
    <subfield code="0">n  87921603,</subfield>
    <subfield code="e">dedicatee.</subfield>
  </datafield>
  <datafield tag="700" ind1="1" ind2=" ">
    <subfield code="a">Sara, Henri,</subfield>
    <subfield code="d">active 17th century,</subfield>
    <subfield code="e">printer.</subfield>
  </datafield>
  <datafield tag="752" ind1=" " ind2=" ">
    <subfield code="a">France</subfield>
    <subfield code="d">Paris.</subfield>
  </datafield>
  <datafield tag="791" ind1="2" ind2=" ">
    <subfield code="a">The Georges Lurcy Acquisitions Fund,</subfield>
    <subfield code="e">funder.</subfield>
    <subfield code="g">181</subfield>
    <subfield code="5">DFo</subfield>
  </datafield>
  <datafield tag="852" ind1="8" ind2=" ">
    <subfield code="a">US-DFo</subfield>
    <subfield code="b">DeckC-Rare</subfield>
    <subfield code="h">268- 881q</subfield>
    <subfield code="z">In a modern reinforced laced case vellum binding with leather ties; gold stamped red leather label on spine. Purchase made possible by The Georges Lurcy Acquisitions Fund.</subfield>
    <subfield code="7">422544</subfield>
    <subfield code="j">268881</subfield>
  </datafield>
  <datafield tag="909" ind1="C" ind2="O">
    <subfield code="o">oai:catalog.folger.edu:303136</subfield>
    <subfield code="p">GLOBAL_SET</subfield>
  </datafield>
  <datafield tag="980" ind1=" " ind2=" ">
    <subfield code="a">BIB</subfield>
  </datafield>
  <datafield tag="983" ind1=" " ind2=" ">
    <subfield code="a">Vault</subfield>
  </datafield>
</record>
<record>
  <controlfield tag="000">01710cam\a2200313\a\4500</controlfield>
  <controlfield tag="001">198053</controlfield>
  <controlfield tag="005">20251009100300.0</controlfield>
  <controlfield tag="008">010913s1620\\\\fr\\\\\\\\\\\\000\p\ita\d</controlfield>
  <datafield tag="035" ind1=" " ind2=" ">
    <subfield code="a">(CStRLIN)DCFG01-B1301</subfield>
  </datafield>
  <datafield tag="040" ind1=" " ind2=" ">
    <subfield code="a">DF0</subfield>
    <subfield code="c">DFo</subfield>
    <subfield code="e">dcrb</subfield>
    <subfield code="d">UtOrBLW</subfield>
  </datafield>
  <datafield tag="043" ind1=" " ind2=" ">
    <subfield code="a">e-fr---</subfield>
  </datafield>
  <datafield tag="090" ind1=" " ind2=" ">
    <subfield code="a">PQ4628</subfield>
    <subfield code="b">.S3 1620 Cage</subfield>
  </datafield>
  <datafield tag="100" ind1="1" ind2=" ">
    <subfield code="a">Marino, Giambattista,</subfield>
    <subfield code="d">1569-1625,</subfield>
    <subfield code="0">n  79058884,</subfield>
    <subfield code="e">author.</subfield>
  </datafield>
  <datafield tag="245" ind1="1" ind2="3">
    <subfield code="a">La sampogna del caualier Marino :</subfield>
    <subfield code="b">diuisa in idillij fauolosi, et pastorali.</subfield>
  </datafield>
  <datafield tag="246" ind1="3" ind2=" ">
    <subfield code="a">Sampogna del cavalier Marino</subfield>
  </datafield>
  <datafield tag="260" ind1=" " ind2=" ">
    <subfield code="a">In Parigi :</subfield>
    <subfield code="b">Presso Abraam Pacardo ...,</subfield>
    <subfield code="c">1620.</subfield>
  </datafield>
  <datafield tag="300" ind1=" " ind2=" ">
    <subfield code="a">[60], 352, [8] p. (the last 6 p. blank) ;</subfield>
    <subfield code="c">15 cm (12mo)</subfield>
  </datafield>
  <datafield tag="336" ind1=" " ind2=" ">
    <subfield code="a">text</subfield>
    <subfield code="b">txt</subfield>
    <subfield code="2">rdacontent</subfield>
  </datafield>
  <datafield tag="337" ind1=" " ind2=" ">
    <subfield code="a">unmediated</subfield>
    <subfield code="b">n</subfield>
    <subfield code="2">rdamedia</subfield>
  </datafield>
  <datafield tag="340" ind1=" " ind2=" ">
    <subfield code="m">12mo</subfield>
    <subfield code="2">rdabf</subfield>
  </datafield>
  <datafield tag="500" ind1=" " ind2=" ">
    <subfield code="a">Engraved title page signed: I. Isaac fecit.</subfield>
  </datafield>
  <datafield tag="500" ind1=" " ind2=" ">
    <subfield code="a">"Con priuilegio del re."</subfield>
  </datafield>
  <datafield tag="500" ind1=" " ind2=" ">
    <subfield code="a">Signatures: ã¹² ẽ¹² i ̃⁶ A-P¹².</subfield>
  </datafield>
  <datafield tag="655" ind1=" " ind2="7">
    <subfield code="a">Printing privileges.</subfield>
    <subfield code="0">cv00653</subfield>
    <subfield code="2">rbmscv</subfield>
  </datafield>
  <datafield tag="700" ind1="1" ind2=" ">
    <subfield code="a">Pacard, Abraham,</subfield>
    <subfield code="e">printer.</subfield>
  </datafield>
  <datafield tag="700" ind1="1" ind2=" ">
    <subfield code="a">Isaac, Jaspar,</subfield>
    <subfield code="d">-1654,</subfield>
    <subfield code="0">nr 93019979,</subfield>
    <subfield code="e">engraver.</subfield>
  </datafield>
  <datafield tag="700" ind1="1" ind2=" ">
    <subfield code="a">Cardonnel, P. de</subfield>
    <subfield code="q">(Pierre),</subfield>
    <subfield code="d">-1667,</subfield>
    <subfield code="0">n  85086955,</subfield>
    <subfield code="e">former owner.</subfield>
    <subfield code="5">DFo</subfield>
  </datafield>
  <datafield tag="700" ind1="1" ind2=" ">
    <subfield code="a">Constable, William,</subfield>
    <subfield code="d">1721-1791,</subfield>
    <subfield code="0">n  86833185,</subfield>
    <subfield code="e">former owner.</subfield>
    <subfield code="5">DFo</subfield>
  </datafield>
  <datafield tag="752" ind1=" " ind2=" ">
    <subfield code="a">France</subfield>
    <subfield code="d">Paris.</subfield>
  </datafield>
  <datafield tag="852" ind1="0" ind2=" ">
    <subfield code="a">US-DFo</subfield>
    <subfield code="b">DeckC-Rare</subfield>
    <subfield code="h">PQ4628</subfield>
    <subfield code="i">.S3 1620 Cage</subfield>
    <subfield code="z">In brown calf, with gold filleting and stamping on covers and spine, gilt edges. Manuscript ruled in red. Inscription: Ex. Lib. P. de Cardonnel. 1694. Inscription: Fu del fratello ozias de Cardonnel. Armorial bookplate: Wm. Constable Esq. F.R.S &amp; F.A.S., with motto: Ubi spiritus ibi libertas.</subfield>
    <subfield code="7">237569</subfield>
  </datafield>
  <datafield tag="909" ind1="C" ind2="O">
    <subfield code="o">oai:catalog.folger.edu:198053</subfield>
    <subfield code="p">GLOBAL_SET</subfield>
  </datafield>
  <datafield tag="980" ind1=" " ind2=" ">
    <subfield code="a">BIB</subfield>
  </datafield>
  <datafield tag="983" ind1=" " ind2=" ">
    <subfield code="a">Vault</subfield>
  </datafield>
</record>
<record>
  <controlfield tag="000">01580cam\a2200337ua\4500</controlfield>
  <controlfield tag="001">75925</controlfield>
  <controlfield tag="005">20251009073753.0</controlfield>
  <controlfield tag="008">861118s1624\\\\fr\\\\\\\\\\\\000\0\ita\d</controlfield>
  <datafield tag="035" ind1=" " ind2=" ">
    <subfield code="9">DCFG86-B1444</subfield>
  </datafield>
  <datafield tag="040" ind1=" " ind2=" ">
    <subfield code="a">DFo</subfield>
    <subfield code="c">DFo</subfield>
    <subfield code="d">UtOrBLW</subfield>
  </datafield>
  <datafield tag="090" ind1=" " ind2=" ">
    <subfield code="a">PQ4275</subfield>
    <subfield code="b">.D5 1624</subfield>
    <subfield code="n">:245,650,655,700 FOR OTHER EDITIONS, SEE MAIN ENTRY.</subfield>
    <subfield code="i">11/26/86 C</subfield>
  </datafield>
  <datafield tag="100" ind1="1" ind2=" ">
    <subfield code="a">Boccaccio, Giovanni,</subfield>
    <subfield code="d">1313-1375,</subfield>
    <subfield code="0">n  78087605,</subfield>
    <subfield code="e">author.</subfield>
  </datafield>
  <datafield tag="245" ind1="1" ind2="0">
    <subfield code="a">Dialogo d'amore /</subfield>
    <subfield code="c">di M. Giouanni Boccaccio ; interlocutori, il signor Alcibiade, &amp; Filaterio giouane ...</subfield>
  </datafield>
  <datafield tag="260" ind1=" " ind2=" ">
    <subfield code="a">In Pariggi :</subfield>
    <subfield code="b">Appresso Samuele Thiboust ...,</subfield>
    <subfield code="c">1624.</subfield>
  </datafield>
  <datafield tag="300" ind1=" " ind2=" ">
    <subfield code="a">93, [3] p. (the last [3] p. blank) ;</subfield>
    <subfield code="c">15 cm (12mo)</subfield>
  </datafield>
  <datafield tag="336" ind1=" " ind2=" ">
    <subfield code="a">text</subfield>
    <subfield code="b">txt</subfield>
    <subfield code="2">rdacontent</subfield>
  </datafield>
  <datafield tag="337" ind1=" " ind2=" ">
    <subfield code="a">unmediated</subfield>
    <subfield code="b">n</subfield>
    <subfield code="2">rdamedia</subfield>
  </datafield>
  <datafield tag="340" ind1=" " ind2=" ">
    <subfield code="m">12mo</subfield>
    <subfield code="2">rdabf</subfield>
  </datafield>
  <datafield tag="500" ind1=" " ind2=" ">
    <subfield code="a">Translated by Angelo Ambrosini. Cf. dedication.</subfield>
  </datafield>
  <datafield tag="500" ind1=" " ind2=" ">
    <subfield code="a">Suppositious work. Cf. Hortis, A. Studj sulle opere latine del Boccaccio, p. 878-880.</subfield>
  </datafield>
  <datafield tag="500" ind1=" " ind2=" ">
    <subfield code="a">Signatures: A-D¹².</subfield>
  </datafield>
  <datafield tag="510" ind1="4" ind2=" ">
    <subfield code="a">Kelso, R. Doctrine for the lady,</subfield>
    <subfield code="c">117</subfield>
  </datafield>
  <datafield tag="650" ind1=" " ind2="0">
    <subfield code="a">Love.</subfield>
    <subfield code="0">sh 85078519 </subfield>
  </datafield>
  <datafield tag="655" ind1=" " ind2="7">
    <subfield code="a">Courtesy books.</subfield>
    <subfield code="0">rbgenr00356</subfield>
    <subfield code="2">rbgenr</subfield>
  </datafield>
  <datafield tag="700" ind1="1" ind2=" ">
    <subfield code="a">Ambrosini, Angelo.</subfield>
  </datafield>
  <datafield tag="700" ind1="1" ind2=" ">
    <subfield code="a">Smedley, William T.</subfield>
    <subfield code="q">(William Thomas),</subfield>
    <subfield code="d">1851-1934,</subfield>
    <subfield code="0">nr 00034122,</subfield>
    <subfield code="e">former owner.</subfield>
    <subfield code="5">DFo</subfield>
  </datafield>
  <datafield tag="700" ind1="1" ind2=" ">
    <subfield code="a">Thiboust, Samuel,</subfield>
    <subfield code="d">-1636,</subfield>
    <subfield code="e">printer.</subfield>
  </datafield>
  <datafield tag="710" ind1="2" ind2=" ">
    <subfield code="a">Wrest Park Library,</subfield>
    <subfield code="e">former owner.</subfield>
    <subfield code="5">DFo</subfield>
  </datafield>
  <datafield tag="752" ind1=" " ind2=" ">
    <subfield code="a">France</subfield>
    <subfield code="d">Paris.</subfield>
    <subfield code="2">naf</subfield>
  </datafield>
  <datafield tag="852" ind1="0" ind2=" ">
    <subfield code="a">US-DFo</subfield>
    <subfield code="b">DeckC-Rare</subfield>
    <subfield code="h">PQ4275</subfield>
    <subfield code="i">.D5 1624</subfield>
    <subfield code="m">Cage</subfield>
    <subfield code="7">77958</subfield>
    <subfield code="z">Wrest Park-W.T. Smedley copy.</subfield>
  </datafield>
  <datafield tag="909" ind1="C" ind2="O">
    <subfield code="o">oai:catalog.folger.edu:75925</subfield>
    <subfield code="p">GLOBAL_SET</subfield>
  </datafield>
  <datafield tag="950" ind1=" " ind2=" ">
    <subfield code="l">RARE</subfield>
    <subfield code="e">Cage</subfield>
    <subfield code="i">11/26/86 C</subfield>
  </datafield>
  <datafield tag="980" ind1=" " ind2=" ">
    <subfield code="a">BIB</subfield>
  </datafield>
  <datafield tag="983" ind1=" " ind2=" ">
    <subfield code="a">Vault</subfield>
  </datafield>
  <datafield tag="998" ind1=" " ind2=" ">
    <subfield code="a">11/26/86</subfield>
    <subfield code="t">c</subfield>
    <subfield code="s">9114</subfield>
    <subfield code="n">DFo</subfield>
    <subfield code="w">DCFG86B1444</subfield>
    <subfield code="d">11/18/86</subfield>
    <subfield code="c">HFR</subfield>
    <subfield code="b">HFR</subfield>
    <subfield code="l">DCFG</subfield>
  </datafield>
</record>
<record>
  <controlfield tag="000">01531cam\a2200301Ia\4500</controlfield>
  <controlfield tag="001">197615</controlfield>
  <controlfield tag="005">20251009100142.0</controlfield>
  <controlfield tag="008">990818s1628\\\\fr\\\\\\\\\\\\000\d\fre\d</controlfield>
  <datafield tag="035" ind1=" " ind2=" ">
    <subfield code="a">(OCoLC)ocn191736786</subfield>
  </datafield>
  <datafield tag="040" ind1=" " ind2=" ">
    <subfield code="a">EQO</subfield>
    <subfield code="c">UXG</subfield>
    <subfield code="e">dcrmb</subfield>
    <subfield code="d">UXG</subfield>
    <subfield code="d">UtOrBLW</subfield>
  </datafield>
  <datafield tag="079" ind1=" " ind2=" ">
    <subfield code="a">ocm44826159</subfield>
  </datafield>
  <datafield tag="100" ind1="1" ind2=" ">
    <subfield code="a">Schélandre, Jean de,</subfield>
    <subfield code="d">1585?-1635,</subfield>
    <subfield code="e">author.</subfield>
  </datafield>
  <datafield tag="245" ind1="1" ind2="0">
    <subfield code="a">Tyr et Sidon :</subfield>
    <subfield code="b">tragicomedie, diuisee en deux iournees.</subfield>
  </datafield>
  <datafield tag="260" ind1=" " ind2=" ">
    <subfield code="a">A Paris :</subfield>
    <subfield code="b">De l'imprimerie de Robert Estienne rüe St. Iean de Beauuais,</subfield>
    <subfield code="c">1628.</subfield>
  </datafield>
  <datafield tag="300" ind1=" " ind2=" ">
    <subfield code="a">[40], 249 [i.e. 228] p. ;</subfield>
    <subfield code="c">18 cm (8vo)</subfield>
  </datafield>
  <datafield tag="336" ind1=" " ind2=" ">
    <subfield code="a">text</subfield>
    <subfield code="b">txt</subfield>
    <subfield code="2">rdacontent</subfield>
  </datafield>
  <datafield tag="337" ind1=" " ind2=" ">
    <subfield code="a">unmediated</subfield>
    <subfield code="b">n</subfield>
    <subfield code="2">rdamedia</subfield>
  </datafield>
  <datafield tag="340" ind1=" " ind2=" ">
    <subfield code="m">8vo</subfield>
    <subfield code="2">rdabf</subfield>
  </datafield>
  <datafield tag="500" ind1=" " ind2=" ">
    <subfield code="a">Preface by F.O.P. ( François Ogier parisien) mentions Schélandre as the author.</subfield>
  </datafield>
  <datafield tag="500" ind1=" " ind2=" ">
    <subfield code="a">Signatures: ã8 ẽ8 ĩ4 A-O8 P2.</subfield>
  </datafield>
  <datafield tag="500" ind1=" " ind2=" ">
    <subfield code="a">Numbers 225-228 misnumbered 245-249.</subfield>
  </datafield>
  <datafield tag="500" ind1=" " ind2=" ">
    <subfield code="a">Engraved title page.</subfield>
  </datafield>
  <datafield tag="700" ind1="1" ind2=" ">
    <subfield code="a">Ogier, François,</subfield>
    <subfield code="d">-1670.</subfield>
    <subfield code="0">nr2003019836</subfield>
  </datafield>
  <datafield tag="700" ind1="1" ind2=" ">
    <subfield code="a">Estienne, Robert,</subfield>
    <subfield code="d">1559-1630,</subfield>
    <subfield code="0">nr 95024673,</subfield>
    <subfield code="e">printer.</subfield>
  </datafield>
  <datafield tag="700" ind1="1" ind2=" ">
    <subfield code="a">Trautz, Georges,</subfield>
    <subfield code="d">1808-1879,</subfield>
    <subfield code="0">nr 93006612,</subfield>
    <subfield code="e">binder.</subfield>
    <subfield code="5">DFo</subfield>
  </datafield>
  <datafield tag="700" ind1="1" ind2=" ">
    <subfield code="a">Bauzonnet, Antoine,</subfield>
    <subfield code="d">active 1830-1848,</subfield>
    <subfield code="e">binder.</subfield>
    <subfield code="5">DFo</subfield>
  </datafield>
  <datafield tag="752" ind1=" " ind2=" ">
    <subfield code="a">France</subfield>
    <subfield code="d">Paris.</subfield>
  </datafield>
  <datafield tag="852" ind1="8" ind2=" ">
    <subfield code="a">US-DFo</subfield>
    <subfield code="b">DeckC-Rare</subfield>
    <subfield code="h">263- 704q</subfield>
    <subfield code="x">RAB 20080131</subfield>
    <subfield code="z">In 19th cent. red morocco with fillets, tooling, edges, turn-ins all in gilt, signed: Trautz-Bauzonnet.</subfield>
    <subfield code="7">237644</subfield>
    <subfield code="j">263704</subfield>
  </datafield>
  <datafield tag="909" ind1="C" ind2="O">
    <subfield code="o">oai:catalog.folger.edu:197615</subfield>
    <subfield code="p">GLOBAL_SET</subfield>
  </datafield>
  <datafield tag="980" ind1=" " ind2=" ">
    <subfield code="a">BIB</subfield>
  </datafield>
  <datafield tag="983" ind1=" " ind2=" ">
    <subfield code="a">Vault</subfield>
  </datafield>
</record>
<record>
  <controlfield tag="000">01546cam\a2200313ua\4500</controlfield>
  <controlfield tag="001">74984</controlfield>
  <controlfield tag="005">20251009073646.0</controlfield>
  <controlfield tag="008">850212s1622\\\\fr\\\\\\\\\\\\000\0\fre\\</controlfield>
  <datafield tag="010" ind1=" " ind2=" ">
    <subfield code="a">   32005412 </subfield>
  </datafield>
  <datafield tag="035" ind1=" " ind2=" ">
    <subfield code="9">DCFG85-B143</subfield>
  </datafield>
  <datafield tag="040" ind1=" " ind2=" ">
    <subfield code="c">DFo</subfield>
    <subfield code="d">DFo</subfield>
    <subfield code="d">UtOrBLW</subfield>
  </datafield>
  <datafield tag="050" ind1="0" ind2="0">
    <subfield code="a">PQ1653.P3</subfield>
    <subfield code="b">G3</subfield>
  </datafield>
  <datafield tag="090" ind1=" " ind2=" ">
    <subfield code="b">197- 538q</subfield>
    <subfield code="i">02/22/85 C</subfield>
  </datafield>
  <datafield tag="100" ind1="1" ind2=" ">
    <subfield code="a">Garasse, François,</subfield>
    <subfield code="d">1584-1631,</subfield>
    <subfield code="0">no 00028427,</subfield>
    <subfield code="e">author.</subfield>
  </datafield>
  <datafield tag="245" ind1="1" ind2="4">
    <subfield code="a">Les recherches des Recherches &amp; autres oeuures de Me. Estienne Pasquier, pour la defense de nos roys, contre les outrages, calomnies, &amp; autres impertinences dudit autheur ...</subfield>
  </datafield>
  <datafield tag="246" ind1="3" ind2="3">
    <subfield code="a">Recherches des Recherches</subfield>
  </datafield>
  <datafield tag="260" ind1=" " ind2=" ">
    <subfield code="a">A Paris :</subfield>
    <subfield code="b">Chez Sebastien Chappelet ...,</subfield>
    <subfield code="c">1622.</subfield>
  </datafield>
  <datafield tag="300" ind1=" " ind2=" ">
    <subfield code="a">[36], 985 [i.e. 1,007], [1] p. ;</subfield>
    <subfield code="c">18 cm (8vo)</subfield>
  </datafield>
  <datafield tag="336" ind1=" " ind2=" ">
    <subfield code="a">text</subfield>
    <subfield code="b">txt</subfield>
    <subfield code="2">rdacontent</subfield>
  </datafield>
  <datafield tag="337" ind1=" " ind2=" ">
    <subfield code="a">unmediated</subfield>
    <subfield code="b">n</subfield>
    <subfield code="2">rdamedia</subfield>
  </datafield>
  <datafield tag="340" ind1=" " ind2=" ">
    <subfield code="m">8vo</subfield>
    <subfield code="2">rdabf</subfield>
  </datafield>
  <datafield tag="500" ind1=" " ind2=" ">
    <subfield code="a">Anonymous.  By François Garasse.  Against Étienne Pasquier's Recherches de la France.</subfield>
  </datafield>
  <datafield tag="500" ind1=" " ind2=" ">
    <subfield code="a">Numbers 79-80, 405-414, 571-580 repeated in pagination.  Other errors in pagination, not affecting final count.</subfield>
  </datafield>
  <datafield tag="500" ind1=" " ind2=" ">
    <subfield code="a">Signatures: ã⁸, ẽ⁸, ĩ², A-3R⁸.</subfield>
  </datafield>
  <datafield tag="500" ind1=" " ind2=" ">
    <subfield code="a">Errata: unnumbered page at end.</subfield>
  </datafield>
  <datafield tag="600" ind1="1" ind2="0">
    <subfield code="a">Pasquier, Etienne,</subfield>
    <subfield code="d">1529-1615.</subfield>
    <subfield code="t">Recherches de la France.</subfield>
    <subfield code="0">n  91068968 </subfield>
  </datafield>
  <datafield tag="700" ind1="1" ind2=" ">
    <subfield code="a">Chappelet, Sébastien,</subfield>
    <subfield code="d">1589-1647,</subfield>
    <subfield code="0">no2007055298,</subfield>
    <subfield code="e">printer.</subfield>
  </datafield>
  <datafield tag="752" ind1=" " ind2=" ">
    <subfield code="a">France</subfield>
    <subfield code="d">Paris.</subfield>
    <subfield code="2">naf</subfield>
  </datafield>
  <datafield tag="852" ind1="8" ind2=" ">
    <subfield code="a">US-DFo</subfield>
    <subfield code="b">DeckC-Rare</subfield>
    <subfield code="h">197- 538q</subfield>
    <subfield code="7">77017</subfield>
  </datafield>
  <datafield tag="909" ind1="C" ind2="O">
    <subfield code="o">oai:catalog.folger.edu:74984</subfield>
    <subfield code="p">GLOBAL_SET</subfield>
  </datafield>
  <datafield tag="950" ind1=" " ind2=" ">
    <subfield code="l">RARE</subfield>
    <subfield code="i">02/22/85 C</subfield>
  </datafield>
  <datafield tag="980" ind1=" " ind2=" ">
    <subfield code="a">BIB</subfield>
  </datafield>
  <datafield tag="983" ind1=" " ind2=" ">
    <subfield code="a">Vault</subfield>
  </datafield>
  <datafield tag="998" ind1=" " ind2=" ">
    <subfield code="a">02/22/85</subfield>
    <subfield code="t">c</subfield>
    <subfield code="s">9114</subfield>
    <subfield code="n">DFo</subfield>
    <subfield code="w">DCFG85B143</subfield>
    <subfield code="d">02/12/85</subfield>
    <subfield code="c">SJ</subfield>
    <subfield code="b">SJ</subfield>
    <subfield code="l">DCFG</subfield>
  </datafield>
</record>
<record>
  <controlfield tag="000">01819cam\a2200337Ia\4500</controlfield>
  <controlfield tag="001">231703</controlfield>
  <controlfield tag="005">20251009102755.0</controlfield>
  <controlfield tag="008">100324s1627\\\\fr\\\\\\\\\\\\000\p\fre\d</controlfield>
  <datafield tag="035" ind1=" " ind2=" ">
    <subfield code="a">(OCoLC)ocn775370048</subfield>
  </datafield>
  <datafield tag="035" ind1=" " ind2=" ">
    <subfield code="a">(OCoLC)775370048</subfield>
  </datafield>
  <datafield tag="040" ind1=" " ind2=" ">
    <subfield code="a">UXG</subfield>
    <subfield code="c">UXG</subfield>
    <subfield code="e">dcrmb</subfield>
    <subfield code="d">UXG</subfield>
    <subfield code="d">UtOrBLW</subfield>
  </datafield>
  <datafield tag="043" ind1=" " ind2=" ">
    <subfield code="a">e-fr---</subfield>
  </datafield>
  <datafield tag="049" ind1=" " ind2=" ">
    <subfield code="a">UXGA</subfield>
  </datafield>
  <datafield tag="079" ind1=" " ind2=" ">
    <subfield code="a">ocn775370175</subfield>
  </datafield>
  <datafield tag="100" ind1="1" ind2=" ">
    <subfield code="a">Le Comte, Pierre,</subfield>
    <subfield code="d">active 16th-17th century,</subfield>
    <subfield code="e">author.</subfield>
  </datafield>
  <datafield tag="245" ind1="1" ind2="2">
    <subfield code="a">L'echo du Mont de Sion pour la prosperité des armes du roy :</subfield>
    <subfield code="b">au subiect des guerres de ce temps : dedié à la royne mere du roy /</subfield>
    <subfield code="c">par P. Le Comte.</subfield>
  </datafield>
  <datafield tag="260" ind1=" " ind2=" ">
    <subfield code="a">A Paris :</subfield>
    <subfield code="b">Chez François Iacquin, ruë des Massons, et Iulian Iacquin, au pied des degrés de la Saincte Chappelle, en la court du Palais,</subfield>
    <subfield code="c">MDCXXVII [1627]</subfield>
  </datafield>
  <datafield tag="300" ind1=" " ind2=" ">
    <subfield code="a">78 p. ;</subfield>
    <subfield code="c">16 cm (8vo)</subfield>
  </datafield>
  <datafield tag="336" ind1=" " ind2=" ">
    <subfield code="a">text</subfield>
    <subfield code="b">txt</subfield>
    <subfield code="2">rdacontent</subfield>
  </datafield>
  <datafield tag="337" ind1=" " ind2=" ">
    <subfield code="a">unmediated</subfield>
    <subfield code="b">n</subfield>
    <subfield code="2">rdamedia</subfield>
  </datafield>
  <datafield tag="340" ind1=" " ind2=" ">
    <subfield code="m">8vo</subfield>
    <subfield code="2">rdabf</subfield>
  </datafield>
  <datafield tag="500" ind1=" " ind2=" ">
    <subfield code="a">Printing privilege on title page verso.</subfield>
  </datafield>
  <datafield tag="500" ind1=" " ind2=" ">
    <subfield code="a">Signatures: A-I⁴ K⁴ (-K4).</subfield>
  </datafield>
  <datafield tag="500" ind1=" " ind2=" ">
    <subfield code="a">Title vignette.</subfield>
  </datafield>
  <datafield tag="630" ind1="0" ind2="0">
    <subfield code="a">Bible.</subfield>
    <subfield code="0">sh 85013576 </subfield>
    <subfield code="p">Psalms XX</subfield>
    <subfield code="v">Paraphrases, French.</subfield>
  </datafield>
  <datafield tag="655" ind1=" " ind2="7">
    <subfield code="a">Printing privileges.</subfield>
    <subfield code="0">cv00653</subfield>
    <subfield code="2">rbmscv</subfield>
  </datafield>
  <datafield tag="700" ind1="0" ind2=" ">
    <subfield code="a">Marie de Médicis,</subfield>
    <subfield code="c">Queen, consort of Henry IV, King of France,</subfield>
    <subfield code="d">1573-1642,</subfield>
    <subfield code="0">n  82006848,</subfield>
    <subfield code="e">dedicatee.</subfield>
  </datafield>
  <datafield tag="700" ind1="1" ind2=" ">
    <subfield code="a">Jaquin, François,</subfield>
    <subfield code="d">active 16th-17th century,</subfield>
    <subfield code="e">printer.</subfield>
  </datafield>
  <datafield tag="700" ind1="1" ind2=" ">
    <subfield code="a">Jaquin, Julian,</subfield>
    <subfield code="d">active 16th-17th century,</subfield>
    <subfield code="e">printer.</subfield>
  </datafield>
  <datafield tag="700" ind1="1" ind2=" ">
    <subfield code="a">Lachèvre, Frédéric,</subfield>
    <subfield code="d">1855-1943,</subfield>
    <subfield code="0">n  50041323,</subfield>
    <subfield code="e">former owner.</subfield>
    <subfield code="5">DFo</subfield>
  </datafield>
  <datafield tag="752" ind1=" " ind2=" ">
    <subfield code="a">France</subfield>
    <subfield code="d">Paris.</subfield>
  </datafield>
  <datafield tag="852" ind1="8" ind2=" ">
    <subfield code="a">US-DFo</subfield>
    <subfield code="b">DeckC-Rare</subfield>
    <subfield code="h">265- 534q</subfield>
    <subfield code="x">RAB 20120206</subfield>
    <subfield code="z">In early calf (rebacked); gilt title and tooling on spine; marbled endpapers; edges stained red. Bookplate: Ex libris  F. Lachévre Le Vésinet.</subfield>
    <subfield code="7">280569</subfield>
    <subfield code="j">265534</subfield>
  </datafield>
  <datafield tag="852" ind1="8" ind2=" ">
    <subfield code="a">US-DFo</subfield>
    <subfield code="b">DeckC-Rare</subfield>
    <subfield code="h">265- 534q</subfield>
    <subfield code="x">RAB 20120206</subfield>
    <subfield code="z">In early calf (rebacked); gilt title and tooling on spine; marbled endpapers; edges stained red. Bookplate: Ex libris  F. Lachévre Le Vésinet.</subfield>
    <subfield code="7">349608</subfield>
    <subfield code="j">265534</subfield>
  </datafield>
  <datafield tag="909" ind1="C" ind2="O">
    <subfield code="o">oai:catalog.folger.edu:231703</subfield>
    <subfield code="p">GLOBAL_SET</subfield>
  </datafield>
  <datafield tag="980" ind1=" " ind2=" ">
    <subfield code="a">BIB</subfield>
  </datafield>
  <datafield tag="983" ind1=" " ind2=" ">
    <subfield code="a">Vault</subfield>
  </datafield>
  <datafield tag="994" ind1=" " ind2=" ">
    <subfield code="a">C0</subfield>
    <subfield code="b">UXG</subfield>
  </datafield>
</record>
<record>
  <controlfield tag="000">01491cam\a2200325ua\4500</controlfield>
  <controlfield tag="001">76065</controlfield>
  <controlfield tag="005">20251009073909.0</controlfield>
  <controlfield tag="008">870210s1623\\\\fr\\\\\\\b\\\\001\0\fre\d</controlfield>
  <datafield tag="035" ind1=" " ind2=" ">
    <subfield code="9">DCFG87-B163</subfield>
  </datafield>
  <datafield tag="040" ind1=" " ind2=" ">
    <subfield code="a">DNLM</subfield>
    <subfield code="c">DNLM</subfield>
    <subfield code="d">CStRLIN</subfield>
    <subfield code="d">DFo</subfield>
    <subfield code="d">UtOrBLW</subfield>
  </datafield>
  <datafield tag="090" ind1=" " ind2=" ">
    <subfield code="b">167- 786q</subfield>
    <subfield code="n">#28</subfield>
    <subfield code="i">02/26/87 CZ</subfield>
  </datafield>
  <datafield tag="100" ind1="1" ind2=" ">
    <subfield code="a">Ferrand, Jacques,</subfield>
    <subfield code="d">1575?-</subfield>
    <subfield code="0">n  88231100,</subfield>
    <subfield code="e">author.</subfield>
  </datafield>
  <datafield tag="240" ind1="1" ind2="0">
    <subfield code="a">Traité de l'essence et guérison de l'amour</subfield>
    <subfield code="0">n  89613811 </subfield>
  </datafield>
  <datafield tag="245" ind1="1" ind2="0">
    <subfield code="a">De la maladie d'amour, ou, Melancholie erotique :</subfield>
    <subfield code="b">discours curieux qui enseigne à cognoistre l'essence, les causes, les signes, &amp; les remedes de ce mal fantastique /</subfield>
    <subfield code="c">par Iacques Ferrand agenois, docteur en la Faculté de medecine.</subfield>
  </datafield>
  <datafield tag="246" ind1="3" ind2="3">
    <subfield code="a">Melancholie erotique</subfield>
  </datafield>
  <datafield tag="260" ind1=" " ind2=" ">
    <subfield code="a">A Paris :</subfield>
    <subfield code="b">Chez Denis Moreau ...,</subfield>
    <subfield code="c">1623.</subfield>
  </datafield>
  <datafield tag="300" ind1=" " ind2=" ">
    <subfield code="a">[40], 270, [10] p. ;</subfield>
    <subfield code="c">18 cm (8vo)</subfield>
  </datafield>
  <datafield tag="336" ind1=" " ind2=" ">
    <subfield code="a">text</subfield>
    <subfield code="b">txt</subfield>
    <subfield code="2">rdacontent</subfield>
  </datafield>
  <datafield tag="337" ind1=" " ind2=" ">
    <subfield code="a">unmediated</subfield>
    <subfield code="b">n</subfield>
    <subfield code="2">rdamedia</subfield>
  </datafield>
  <datafield tag="340" ind1=" " ind2=" ">
    <subfield code="m">8vo</subfield>
    <subfield code="2">rdabf</subfield>
  </datafield>
  <datafield tag="500" ind1=" " ind2=" ">
    <subfield code="a">Signatures: ã⁸, ẽ⁸, ĩ⁴, A-R⁸, S⁴.</subfield>
  </datafield>
  <datafield tag="500" ind1=" " ind2=" ">
    <subfield code="a">Errata: prelim. p. [39].</subfield>
  </datafield>
  <datafield tag="500" ind1=" " ind2=" ">
    <subfield code="a">Includes bibliographies and index.</subfield>
  </datafield>
  <datafield tag="510" ind1="4" ind2=" ">
    <subfield code="a">Kelso, R. Doctrine for the lady,</subfield>
    <subfield code="c">347</subfield>
  </datafield>
  <datafield tag="650" ind1=" " ind2="0">
    <subfield code="a">Love.</subfield>
    <subfield code="0">sh 85078519 </subfield>
  </datafield>
  <datafield tag="650" ind1=" " ind2="0">
    <subfield code="a">Medicine, Medieval.</subfield>
    <subfield code="0">sh 85083152 </subfield>
  </datafield>
  <datafield tag="655" ind1=" " ind2="7">
    <subfield code="a">Courtesy books.</subfield>
    <subfield code="0">rbgenr00356</subfield>
    <subfield code="2">rbgenr</subfield>
  </datafield>
  <datafield tag="700" ind1="1" ind2=" ">
    <subfield code="a">Moreau, Denis,</subfield>
    <subfield code="d">-1647?,</subfield>
    <subfield code="e">printer.</subfield>
  </datafield>
  <datafield tag="752" ind1=" " ind2=" ">
    <subfield code="a">France</subfield>
    <subfield code="d">Paris.</subfield>
    <subfield code="2">naf</subfield>
  </datafield>
  <datafield tag="852" ind1="8" ind2=" ">
    <subfield code="a">US-DFo</subfield>
    <subfield code="b">DeckC-Rare</subfield>
    <subfield code="h">167- 786q</subfield>
    <subfield code="7">78098</subfield>
  </datafield>
  <datafield tag="909" ind1="C" ind2="O">
    <subfield code="o">oai:catalog.folger.edu:76065</subfield>
    <subfield code="p">GLOBAL_SET</subfield>
  </datafield>
  <datafield tag="950" ind1=" " ind2=" ">
    <subfield code="l">RARE</subfield>
    <subfield code="i">02/26/87 C</subfield>
  </datafield>
  <datafield tag="980" ind1=" " ind2=" ">
    <subfield code="a">BIB</subfield>
  </datafield>
  <datafield tag="983" ind1=" " ind2=" ">
    <subfield code="a">Vault</subfield>
  </datafield>
  <datafield tag="998" ind1=" " ind2=" ">
    <subfield code="a">02/26/87</subfield>
    <subfield code="t">c</subfield>
    <subfield code="s">9112</subfield>
    <subfield code="n">DFo</subfield>
    <subfield code="w">DCFG87B163</subfield>
    <subfield code="d">02/10/87</subfield>
    <subfield code="c">HFR</subfield>
    <subfield code="b">HFR</subfield>
    <subfield code="l">DCFG</subfield>
  </datafield>
</record>
<record>
  <controlfield tag="000">01464cam\a2200313ua\4500</controlfield>
  <controlfield tag="001">75704</controlfield>
  <controlfield tag="005">20251009073750.0</controlfield>
  <controlfield tag="008">860801s1620\\\\fr\\\\\\\\\\\\000\0\fre\d</controlfield>
  <datafield tag="035" ind1=" " ind2=" ">
    <subfield code="9">DCFG86-B982</subfield>
  </datafield>
  <datafield tag="040" ind1=" " ind2=" ">
    <subfield code="a">DFo</subfield>
    <subfield code="c">DFo</subfield>
    <subfield code="d">UtOrBLW</subfield>
  </datafield>
  <datafield tag="090" ind1=" " ind2=" ">
    <subfield code="a">PN6349.A85</subfield>
    <subfield code="b">D4</subfield>
    <subfield code="f">cs109</subfield>
    <subfield code="i">08/28/86 C</subfield>
  </datafield>
  <datafield tag="100" ind1="1" ind2=" ">
    <subfield code="a">Amboise, François d',</subfield>
    <subfield code="d">1550-1620,</subfield>
    <subfield code="0">n 79091620,</subfield>
    <subfield code="e">author.</subfield>
  </datafield>
  <datafield tag="245" ind1="1" ind2="0">
    <subfield code="a">Discours ou traicté des deuises :</subfield>
    <subfield code="b">ou est mise la raison et difference des emblemes, enigmes, sentences &amp; autres /</subfield>
    <subfield code="c">pris &amp; compilé des cahiers de feu Messire François d'Amboise Chevalier ... par Adrian d'Amboise, son fils.</subfield>
  </datafield>
  <datafield tag="246" ind1="3" ind2="3">
    <subfield code="a">Traitte des deuises</subfield>
  </datafield>
  <datafield tag="260" ind1=" " ind2=" ">
    <subfield code="a">A Paris :</subfield>
    <subfield code="b">Chez Rolet Boutonne ...,</subfield>
    <subfield code="c">1620.</subfield>
  </datafield>
  <datafield tag="300" ind1=" " ind2=" ">
    <subfield code="a">[8], 178, [2] p. ;</subfield>
    <subfield code="c">17 cm (8vo)</subfield>
  </datafield>
  <datafield tag="336" ind1=" " ind2=" ">
    <subfield code="a">text</subfield>
    <subfield code="b">txt</subfield>
    <subfield code="2">rdacontent</subfield>
  </datafield>
  <datafield tag="337" ind1=" " ind2=" ">
    <subfield code="a">unmediated</subfield>
    <subfield code="b">n</subfield>
    <subfield code="2">rdamedia</subfield>
  </datafield>
  <datafield tag="340" ind1=" " ind2=" ">
    <subfield code="m">8vo</subfield>
    <subfield code="2">rdabf</subfield>
  </datafield>
  <datafield tag="500" ind1=" " ind2=" ">
    <subfield code="a">Running title: Traitte des deuises.</subfield>
  </datafield>
  <datafield tag="500" ind1=" " ind2=" ">
    <subfield code="a">Signatures: A⁴, [2nd]A-L⁸, M² (A3 signed ã3).</subfield>
  </datafield>
  <datafield tag="510" ind1="4" ind2=" ">
    <subfield code="a">Landwehr, J. French, Italian ... books of devices and emblems,</subfield>
    <subfield code="c">108</subfield>
  </datafield>
  <datafield tag="650" ind1=" " ind2="0">
    <subfield code="a">Devices (Heraldry)</subfield>
    <subfield code="0">sh 85037375</subfield>
    <subfield code="x">History and criticism.</subfield>
    <subfield code="0">sh 99001186</subfield>
  </datafield>
  <datafield tag="650" ind1=" " ind2="0">
    <subfield code="a">Emblems</subfield>
    <subfield code="0">sh 85042693</subfield>
    <subfield code="x">History and criticism.</subfield>
    <subfield code="0">sh 99001186</subfield>
  </datafield>
  <datafield tag="700" ind1="1" ind2=" ">
    <subfield code="a">Amboise, Adrian d',</subfield>
    <subfield code="d">approximately 1598-</subfield>
    <subfield code="0">n 79091492</subfield>
    <subfield code="e">editor.</subfield>
  </datafield>
  <datafield tag="700" ind1="1" ind2=" ">
    <subfield code="a">Boutonné, Rolet,</subfield>
    <subfield code="d">active 1610-1639,</subfield>
    <subfield code="e">printer.</subfield>
  </datafield>
  <datafield tag="752" ind1=" " ind2=" ">
    <subfield code="a">France</subfield>
    <subfield code="d">Paris.</subfield>
    <subfield code="2">naf</subfield>
  </datafield>
  <datafield tag="852" ind1="0" ind2=" ">
    <subfield code="a">US-DFo</subfield>
    <subfield code="b">DeckC-Rare</subfield>
    <subfield code="h">PN6349.A85</subfield>
    <subfield code="i">D4</subfield>
    <subfield code="m">Cage</subfield>
    <subfield code="7">77737</subfield>
    <subfield code="z">With: Deuises royales / par Adrian d'Amboise. A Paris : Chez Rolet Boutonne ..., 1621.</subfield>
  </datafield>
  <datafield tag="909" ind1="C" ind2="O">
    <subfield code="o">oai:catalog.folger.edu:75704</subfield>
    <subfield code="p">GLOBAL_SET</subfield>
  </datafield>
  <datafield tag="950" ind1=" " ind2=" ">
    <subfield code="l">RARE</subfield>
    <subfield code="e">Cage</subfield>
    <subfield code="i">08/28/86 C</subfield>
  </datafield>
  <datafield tag="980" ind1=" " ind2=" ">
    <subfield code="a">BIB</subfield>
  </datafield>
  <datafield tag="983" ind1=" " ind2=" ">
    <subfield code="a">Vault</subfield>
  </datafield>
  <datafield tag="998" ind1=" " ind2=" ">
    <subfield code="a">08/28/86</subfield>
    <subfield code="t">c</subfield>
    <subfield code="s">9114</subfield>
    <subfield code="n">DFo</subfield>
    <subfield code="w">DCFG86B982</subfield>
    <subfield code="d">08/01/86</subfield>
    <subfield code="c">MCF</subfield>
    <subfield code="b">MCF</subfield>
    <subfield code="l">DCFG</subfield>
  </datafield>
</record>
<record>
  <controlfield tag="000">02205cam\a2200409ua\4500</controlfield>
  <controlfield tag="001">75701</controlfield>
  <controlfield tag="005">20251009073750.0</controlfield>
  <controlfield tag="008">860731s1621\\\\fr\a\\\\\\\\\\000\0\fre\d</controlfield>
  <datafield tag="035" ind1=" " ind2=" ">
    <subfield code="9">DCFG86-B972</subfield>
  </datafield>
  <datafield tag="040" ind1=" " ind2=" ">
    <subfield code="a">DFo</subfield>
    <subfield code="c">DFo</subfield>
    <subfield code="d">UtOrBLW</subfield>
  </datafield>
  <datafield tag="043" ind1=" " ind2=" ">
    <subfield code="a">e-uk-fr</subfield>
  </datafield>
  <datafield tag="090" ind1=" " ind2=" ">
    <subfield code="a">PN6349</subfield>
    <subfield code="b">.P3 1621</subfield>
    <subfield code="t">6̃50</subfield>
    <subfield code="t">6̃55</subfield>
    <subfield code="t">6̃90</subfield>
    <subfield code="t">7̃00</subfield>
    <subfield code="i">08/12/86 C</subfield>
  </datafield>
  <datafield tag="100" ind1="1" ind2=" ">
    <subfield code="a">Paradin, Claude,</subfield>
    <subfield code="d">active 16th century,</subfield>
    <subfield code="0">n  83148753,</subfield>
    <subfield code="e">author.</subfield>
  </datafield>
  <datafield tag="240" ind1="1" ind2="0">
    <subfield code="a">Devises héroiques</subfield>
  </datafield>
  <datafield tag="245" ind1="1" ind2="0">
    <subfield code="a">Deuises heroiques et emblemes /</subfield>
    <subfield code="c">de M. Claude Paradin.</subfield>
  </datafield>
  <datafield tag="250" ind1=" " ind2=" ">
    <subfield code="a">Reueues et augme[n]tees de moytie.</subfield>
  </datafield>
  <datafield tag="260" ind1=" " ind2=" ">
    <subfield code="a">A Paris :</subfield>
    <subfield code="b">Chez Rolet Boutonné ...,</subfield>
    <subfield code="c">1621.</subfield>
  </datafield>
  <datafield tag="300" ind1=" " ind2=" ">
    <subfield code="a">[4], 1-289, 300-340, [6] p. (the last [3] pages blank) :</subfield>
    <subfield code="b">ill. (engravings) ;</subfield>
    <subfield code="c">17 cm (8vo)</subfield>
  </datafield>
  <datafield tag="336" ind1=" " ind2=" ">
    <subfield code="a">text</subfield>
    <subfield code="b">txt</subfield>
    <subfield code="2">rdacontent</subfield>
  </datafield>
  <datafield tag="337" ind1=" " ind2=" ">
    <subfield code="a">unmediated</subfield>
    <subfield code="b">n</subfield>
    <subfield code="2">rdamedia</subfield>
  </datafield>
  <datafield tag="340" ind1=" " ind2=" ">
    <subfield code="d">engraving</subfield>
    <subfield code="2">rdapm</subfield>
  </datafield>
  <datafield tag="340" ind1=" " ind2=" ">
    <subfield code="m">8vo</subfield>
    <subfield code="2">rdabf</subfield>
  </datafield>
  <datafield tag="340" ind1=" " ind2=" ">
    <subfield code="p">illustration</subfield>
    <subfield code="2">rdaill</subfield>
  </datafield>
  <datafield tag="340" ind1=" " ind2=" ">
    <subfield code="p">egraving</subfield>
  </datafield>
  <datafield tag="500" ind1=" " ind2=" ">
    <subfield code="a">Title page engraved.</subfield>
  </datafield>
  <datafield tag="500" ind1=" " ind2=" ">
    <subfield code="a">Signatures: ã² A-X⁸ (K3 missigned 'H3'; Q4 not signed).</subfield>
  </datafield>
  <datafield tag="500" ind1=" " ind2=" ">
    <subfield code="a">Illustrated with engravings which are reverse copies of the woodcuts in the 1551 Lyons ed. attributed to Bernard Salomon.</subfield>
  </datafield>
  <datafield tag="510" ind1="4" ind2=" ">
    <subfield code="a">Kelso, R.  English gentleman,</subfield>
    <subfield code="c">676</subfield>
  </datafield>
  <datafield tag="510" ind1="4" ind2=" ">
    <subfield code="a">Landwehr, J.  French, Italian ... books of devices and emblems,</subfield>
    <subfield code="c">572</subfield>
  </datafield>
  <datafield tag="650" ind1=" " ind2="0">
    <subfield code="a">Devices (Heraldry)</subfield>
    <subfield code="0">sh 85037375</subfield>
    <subfield code="v">Early works to 1800.</subfield>
    <subfield code="0">sh 99001366 </subfield>
  </datafield>
  <datafield tag="650" ind1=" " ind2="0">
    <subfield code="a">Emblems</subfield>
    <subfield code="v">Early works to 1800.</subfield>
    <subfield code="0">sh2008102967</subfield>
  </datafield>
  <datafield tag="650" ind1=" " ind2="0">
    <subfield code="a">Emblem books, French.</subfield>
    <subfield code="0">sh 85042688 </subfield>
  </datafield>
  <datafield tag="655" ind1=" " ind2="7">
    <subfield code="a">Illustrations (layout features)</subfield>
    <subfield code="0">300015578</subfield>
    <subfield code="2">aat</subfield>
  </datafield>
  <datafield tag="700" ind1="1" ind2=" ">
    <subfield code="a">Salomon, Bernard,</subfield>
    <subfield code="d">approximately 1506-approximately 1561.</subfield>
    <subfield code="0">n  85381316 </subfield>
  </datafield>
  <datafield tag="700" ind1="1" ind2=" ">
    <subfield code="a">Smedley, William T.</subfield>
    <subfield code="q">(William Thomas),</subfield>
    <subfield code="d">1851-1934,</subfield>
    <subfield code="0">nr 00034122,</subfield>
    <subfield code="e">former owner.</subfield>
    <subfield code="5">DFo</subfield>
  </datafield>
  <datafield tag="700" ind1="1" ind2=" ">
    <subfield code="a">Boutonné, Rolet,</subfield>
    <subfield code="d">active 1610-1639,</subfield>
    <subfield code="e">printer.</subfield>
  </datafield>
  <datafield tag="752" ind1=" " ind2=" ">
    <subfield code="a">France</subfield>
    <subfield code="d">Paris.</subfield>
    <subfield code="2">naf</subfield>
  </datafield>
  <datafield tag="852" ind1="0" ind2=" ">
    <subfield code="a">US-DFo</subfield>
    <subfield code="b">DeckC-Rare</subfield>
    <subfield code="h">PN6349</subfield>
    <subfield code="i">.P3 1621</subfield>
    <subfield code="m">Cage</subfield>
    <subfield code="7">77734</subfield>
    <subfield code="z">W.T. Smedley copy.</subfield>
    <subfield code="z">With: Discours ou traicte des deuises ... / par François d'Amboise.  A Paris : Chez Rolet Boutonne ..., 1620.</subfield>
  </datafield>
  <datafield tag="909" ind1="C" ind2="O">
    <subfield code="o">oai:catalog.folger.edu:75701</subfield>
    <subfield code="p">GLOBAL_SET</subfield>
  </datafield>
  <datafield tag="950" ind1=" " ind2=" ">
    <subfield code="l">RARE</subfield>
    <subfield code="e">Cage</subfield>
    <subfield code="i">08/12/86 C</subfield>
  </datafield>
  <datafield tag="980" ind1=" " ind2=" ">
    <subfield code="a">BIB</subfield>
  </datafield>
  <datafield tag="983" ind1=" " ind2=" ">
    <subfield code="a">Vault</subfield>
  </datafield>
  <datafield tag="998" ind1=" " ind2=" ">
    <subfield code="a">08/12/86</subfield>
    <subfield code="t">c</subfield>
    <subfield code="s">9114</subfield>
    <subfield code="n">DFo</subfield>
    <subfield code="w">DCFG86B972</subfield>
    <subfield code="d">07/31/86</subfield>
    <subfield code="c">MCF</subfield>
    <subfield code="b">MCF</subfield>
    <subfield code="l">DCFG</subfield>
  </datafield>
</record>
<record>
  <controlfield tag="000">01738cam\a2200361ua\4500</controlfield>
  <controlfield tag="001">75720</controlfield>
  <controlfield tag="005">20251009073750.0</controlfield>
  <controlfield tag="008">860805s1626\\\\fr\\\\\\\\\\\\001\0\fre\d</controlfield>
  <datafield tag="035" ind1=" " ind2=" ">
    <subfield code="9">DCFG86-B1009</subfield>
  </datafield>
  <datafield tag="040" ind1=" " ind2=" ">
    <subfield code="a">DFo</subfield>
    <subfield code="c">DFo</subfield>
    <subfield code="d">UtOrBLW</subfield>
  </datafield>
  <datafield tag="090" ind1=" " ind2=" ">
    <subfield code="a">BJ1520</subfield>
    <subfield code="b">.L3 1626</subfield>
    <subfield code="n">#28</subfield>
    <subfield code="i">08/13/86 C</subfield>
  </datafield>
  <datafield tag="100" ind1="1" ind2=" ">
    <subfield code="a">La Primaudaye, Pierre de,</subfield>
    <subfield code="d">approximately 1545-</subfield>
    <subfield code="0">n  90656610,</subfield>
    <subfield code="e">author.</subfield>
  </datafield>
  <datafield tag="240" ind1="1" ind2="0">
    <subfield code="a">Académie Françoise</subfield>
  </datafield>
  <datafield tag="245" ind1="1" ind2="2">
    <subfield code="a">L'institution de l'homme, de sa vie et moeurs, pour heureusement viure en tous estats /</subfield>
    <subfield code="c">P.L.S.D.L.B.</subfield>
  </datafield>
  <datafield tag="246" ind1="3" ind2="3">
    <subfield code="a">Institution de l'homme ...</subfield>
  </datafield>
  <datafield tag="260" ind1=" " ind2=" ">
    <subfield code="a">A Paris :</subfield>
    <subfield code="b">Chez Guillaume Loyson ...,</subfield>
    <subfield code="c">1626.</subfield>
  </datafield>
  <datafield tag="300" ind1=" " ind2=" ">
    <subfield code="a">[6], 693, [41] p. ;</subfield>
    <subfield code="c">18 cm (8vo)</subfield>
  </datafield>
  <datafield tag="336" ind1=" " ind2=" ">
    <subfield code="a">text</subfield>
    <subfield code="b">txt</subfield>
    <subfield code="2">rdacontent</subfield>
  </datafield>
  <datafield tag="337" ind1=" " ind2=" ">
    <subfield code="a">unmediated</subfield>
    <subfield code="b">n</subfield>
    <subfield code="2">rdamedia</subfield>
  </datafield>
  <datafield tag="340" ind1=" " ind2=" ">
    <subfield code="m">8vo</subfield>
    <subfield code="2">rdabf</subfield>
  </datafield>
  <datafield tag="500" ind1=" " ind2=" ">
    <subfield code="a">Originally published as: Académie françoise.</subfield>
  </datafield>
  <datafield tag="500" ind1=" " ind2=" ">
    <subfield code="a">By Pierre de La Primaudaye, seigneur de La Barrée.</subfield>
  </datafield>
  <datafield tag="500" ind1=" " ind2=" ">
    <subfield code="a">Imprint in colophon: A Paris : De l'imprimerie de Denys Langlois.</subfield>
  </datafield>
  <datafield tag="500" ind1=" " ind2=" ">
    <subfield code="a">Signatures: [A]1, ã², a-z⁸, A-Z⁸ (-Z8) (b1-3 signed B1-3; k4 signed K4; E4 signed C4; T4 signed S4).</subfield>
  </datafield>
  <datafield tag="500" ind1=" " ind2=" ">
    <subfield code="a">Includes index.</subfield>
  </datafield>
  <datafield tag="650" ind1=" " ind2="0">
    <subfield code="a">Conduct of life.</subfield>
    <subfield code="0">sh 85030802 </subfield>
  </datafield>
  <datafield tag="655" ind1=" " ind2="7">
    <subfield code="a">Courtesy books.</subfield>
    <subfield code="0">rbgenr00356</subfield>
    <subfield code="2">rbgenr</subfield>
  </datafield>
  <datafield tag="700" ind1="1" ind2=" ">
    <subfield code="a">Smedley, William T.</subfield>
    <subfield code="q">(William Thomas),</subfield>
    <subfield code="d">1851-1934,</subfield>
    <subfield code="0">nr 00034122,</subfield>
    <subfield code="e">former owner.</subfield>
    <subfield code="5">DFo</subfield>
  </datafield>
  <datafield tag="700" ind1="1" ind2=" ">
    <subfield code="a">Loyson, Guillaume,</subfield>
    <subfield code="d">-approximately 1651,</subfield>
    <subfield code="0">nr2002001428,</subfield>
    <subfield code="e">printer.</subfield>
  </datafield>
  <datafield tag="700" ind1="1" ind2=" ">
    <subfield code="a">Langlois, Denis,</subfield>
    <subfield code="d">-1644,</subfield>
    <subfield code="e">printer.</subfield>
  </datafield>
  <datafield tag="752" ind1=" " ind2=" ">
    <subfield code="a">France</subfield>
    <subfield code="d">Paris.</subfield>
    <subfield code="2">naf</subfield>
  </datafield>
  <datafield tag="852" ind1="0" ind2=" ">
    <subfield code="a">US-DFo</subfield>
    <subfield code="b">DeckC-Rare</subfield>
    <subfield code="h">BJ1520</subfield>
    <subfield code="i">.L3 1626 Cage</subfield>
    <subfield code="7">77753</subfield>
    <subfield code="z">W.T. Smedley copy.</subfield>
  </datafield>
  <datafield tag="909" ind1="C" ind2="O">
    <subfield code="o">oai:catalog.folger.edu:75720</subfield>
    <subfield code="p">GLOBAL_SET</subfield>
  </datafield>
  <datafield tag="950" ind1=" " ind2=" ">
    <subfield code="l">RARE</subfield>
    <subfield code="e">Cage</subfield>
    <subfield code="i">08/13/86 C</subfield>
  </datafield>
  <datafield tag="980" ind1=" " ind2=" ">
    <subfield code="a">BIB</subfield>
  </datafield>
  <datafield tag="983" ind1=" " ind2=" ">
    <subfield code="a">Vault</subfield>
  </datafield>
  <datafield tag="998" ind1=" " ind2=" ">
    <subfield code="a">08/13/86</subfield>
    <subfield code="t">c</subfield>
    <subfield code="s">9114</subfield>
    <subfield code="n">DFo</subfield>
    <subfield code="w">DCFG86B1009</subfield>
    <subfield code="d">08/05/86</subfield>
    <subfield code="c">HFR</subfield>
    <subfield code="b">HFR</subfield>
    <subfield code="l">DCFG</subfield>
  </datafield>
</record>
<record>
  <controlfield tag="000">03075cam\a2200421ua\4500</controlfield>
  <controlfield tag="001">75237</controlfield>
  <controlfield tag="005">20251009073745.0</controlfield>
  <controlfield tag="008">860114s1627\\\\fr\acfi\\\\\\\000\0\fre\d</controlfield>
  <datafield tag="035" ind1=" " ind2=" ">
    <subfield code="9">DCFG86-B66</subfield>
  </datafield>
  <datafield tag="040" ind1=" " ind2=" ">
    <subfield code="a">DFo</subfield>
    <subfield code="c">DFo</subfield>
    <subfield code="d">UtOrBLW</subfield>
  </datafield>
  <datafield tag="090" ind1=" " ind2=" ">
    <subfield code="b">204- 320q</subfield>
    <subfield code="n">#30 SK321.A7 1627 Cage. Pts. 6-10 only.</subfield>
    <subfield code="i">01/27/86 CZ</subfield>
  </datafield>
  <datafield tag="100" ind1="1" ind2=" ">
    <subfield code="a">Arcussia, Charles d',</subfield>
    <subfield code="d">1554-1628,</subfield>
    <subfield code="0">n  89665446,</subfield>
    <subfield code="e">author.</subfield>
  </datafield>
  <datafield tag="245" ind1="1" ind2="3">
    <subfield code="a">La fauconnerie /</subfield>
    <subfield code="c">de Charles d'Arcussia de Capre, seigneur d'Esparron, de Pallieres, et Du Reuest, en Prouence ; diuisee en dix parties, contenuës à la page suyuante ; auec les portraicts au naturel de tous les oyseaux.</subfield>
  </datafield>
  <datafield tag="246" ind1="3" ind2="3">
    <subfield code="a">De la fauconnerie</subfield>
  </datafield>
  <datafield tag="260" ind1=" " ind2=" ">
    <subfield code="a">A Paris :</subfield>
    <subfield code="b">Chez Iean Houzé ...,</subfield>
    <subfield code="c">1627.</subfield>
  </datafield>
  <datafield tag="300" ind1=" " ind2=" ">
    <subfield code="a">1 v. (various pagings) :</subfield>
    <subfield code="b">ill., port., coat of arms ;</subfield>
    <subfield code="c">23 cm (4to)</subfield>
  </datafield>
  <datafield tag="336" ind1=" " ind2=" ">
    <subfield code="a">text</subfield>
    <subfield code="b">txt</subfield>
    <subfield code="2">rdacontent</subfield>
  </datafield>
  <datafield tag="337" ind1=" " ind2=" ">
    <subfield code="a">unmediated</subfield>
    <subfield code="b">n</subfield>
    <subfield code="2">rdamedia</subfield>
  </datafield>
  <datafield tag="340" ind1=" " ind2=" ">
    <subfield code="m">4to</subfield>
    <subfield code="2">rdabf</subfield>
  </datafield>
  <datafield tag="340" ind1=" " ind2=" ">
    <subfield code="p">illustration</subfield>
    <subfield code="p">portrait</subfield>
    <subfield code="p">coat of arms</subfield>
    <subfield code="2">rdaill</subfield>
  </datafield>
  <datafield tag="340" ind1=" " ind2=" ">
    <subfield code="p">plate</subfield>
  </datafield>
  <datafield tag="500" ind1=" " ind2=" ">
    <subfield code="a">Running title: De la fauconnerie.</subfield>
  </datafield>
  <datafield tag="500" ind1=" " ind2=" ">
    <subfield code="a">Parts [6]-[7] have special title page: La fauconnerie du roy ; auec la Conference des fauconniers / par Charles d'Arcussia de Capre ... A Paris : Chez Iean Houzé ..., 1626.</subfield>
  </datafield>
  <datafield tag="500" ind1=" " ind2=" ">
    <subfield code="a">Parts [8]-[9] have special title page: Discours de chasse, ou sont representez les vouls faits en une assemblee de fauconniers ... / par Charles d'Arcussia de Capre ... A Paris : Chez Iean Houzé ..., 1627.</subfield>
  </datafield>
  <datafield tag="500" ind1=" " ind2=" ">
    <subfield code="a">Part [10] has special title page: Lettres de Philoierax a Philofalco, où sont contenus les maladies des oyseaux, &amp; les remedes pour les guerir. A Paris : Chez Iean Houzé ..., 1626.</subfield>
  </datafield>
  <datafield tag="500" ind1=" " ind2=" ">
    <subfield code="a">The first edition was published in 1598; subsequent editions were augmented by the additions of new parts, until in the edition of 1627 the work seems to have reached completion. Cf. Harting.</subfield>
  </datafield>
  <datafield tag="510" ind1="4" ind2=" ">
    <subfield code="a">Kelso, R. English gentleman,</subfield>
    <subfield code="c">26</subfield>
  </datafield>
  <datafield tag="510" ind1="4" ind2=" ">
    <subfield code="a">Schwerdt, C.F.G.R. Hunting,</subfield>
    <subfield code="c">I, p. 41-43</subfield>
  </datafield>
  <datafield tag="510" ind1="4" ind2=" ">
    <subfield code="a">Harting, J.E. Bibliotheca accipitraria,</subfield>
    <subfield code="c">153</subfield>
  </datafield>
  <datafield tag="650" ind1=" " ind2="0">
    <subfield code="a">Falconry.</subfield>
    <subfield code="0">sh 85046957 </subfield>
  </datafield>
  <datafield tag="655" ind1=" " ind2="7">
    <subfield code="a">Courtesy books.</subfield>
    <subfield code="0">rbgenr00356</subfield>
    <subfield code="2">rbgenr</subfield>
  </datafield>
  <datafield tag="655" ind1=" " ind2="7">
    <subfield code="a">Illustrations (layout features)</subfield>
    <subfield code="0">300015578</subfield>
    <subfield code="2">aat</subfield>
  </datafield>
  <datafield tag="700" ind1="1" ind2="2">
    <subfield code="a">Arcussia, Charles d',</subfield>
    <subfield code="d">1554-1628.</subfield>
    <subfield code="0">n  89665446.</subfield>
    <subfield code="t">Fauconnerie du roy.</subfield>
    <subfield code="f">1626.</subfield>
  </datafield>
  <datafield tag="700" ind1="1" ind2="2">
    <subfield code="a">Arcussia, Charles d',</subfield>
    <subfield code="d">1554-1628.</subfield>
    <subfield code="0">n  89665446.</subfield>
    <subfield code="t">Conference des fauconniers.</subfield>
    <subfield code="f">1626.</subfield>
  </datafield>
  <datafield tag="700" ind1="1" ind2="2">
    <subfield code="a">Arcussia, Charles d',</subfield>
    <subfield code="d">1554-1628.</subfield>
    <subfield code="0">n  89665446.</subfield>
    <subfield code="t">Discours de chasse.</subfield>
    <subfield code="f">1627.</subfield>
  </datafield>
  <datafield tag="700" ind1="1" ind2="2">
    <subfield code="a">Arcussia, Charles d',</subfield>
    <subfield code="d">1554-1628.</subfield>
    <subfield code="0">n  89665446.</subfield>
    <subfield code="t">Lettres de Philoierax a Philofalco.</subfield>
    <subfield code="f">1626.</subfield>
  </datafield>
  <datafield tag="700" ind1="1" ind2=" ">
    <subfield code="a">Houzé, Jean,</subfield>
    <subfield code="d">active 1581-1627,</subfield>
    <subfield code="0">nr 94029235,</subfield>
    <subfield code="e">printer.</subfield>
  </datafield>
  <datafield tag="752" ind1=" " ind2=" ">
    <subfield code="a">France</subfield>
    <subfield code="d">Paris.</subfield>
    <subfield code="2">naf</subfield>
  </datafield>
  <datafield tag="852" ind1="8" ind2=" ">
    <subfield code="a">US-DFo</subfield>
    <subfield code="b">DeckC-Rare</subfield>
    <subfield code="h">204- 320q</subfield>
    <subfield code="7">77270</subfield>
    <subfield code="z">Folger copy lacks port. of author and coat of arms following title page; lacks 5 plates (1 folded) following p. 296. Cf. Schwerdt, and Harting.</subfield>
  </datafield>
  <datafield tag="909" ind1="C" ind2="O">
    <subfield code="o">oai:catalog.folger.edu:75237</subfield>
    <subfield code="p">GLOBAL_SET</subfield>
  </datafield>
  <datafield tag="950" ind1=" " ind2=" ">
    <subfield code="l">RARE</subfield>
    <subfield code="n">20 Montagu family library copy. ac148029</subfield>
    <subfield code="i">01/27/86 C</subfield>
  </datafield>
  <datafield tag="980" ind1=" " ind2=" ">
    <subfield code="a">BIB</subfield>
  </datafield>
  <datafield tag="983" ind1=" " ind2=" ">
    <subfield code="a">Vault</subfield>
  </datafield>
  <datafield tag="998" ind1=" " ind2=" ">
    <subfield code="a">01/27/86</subfield>
    <subfield code="t">c</subfield>
    <subfield code="s">9114</subfield>
    <subfield code="n">DFo</subfield>
    <subfield code="w">DCFG86B66</subfield>
    <subfield code="d">01/14/86</subfield>
    <subfield code="c">HFR</subfield>
    <subfield code="b">HFR</subfield>
    <subfield code="l">DCFG</subfield>
  </datafield>
</record>
<record>
  <controlfield tag="000">01355cam\a2200289Ia\4500</controlfield>
  <controlfield tag="001">230046</controlfield>
  <controlfield tag="005">20251009102454.0</controlfield>
  <controlfield tag="008">940709s1627\\\\fr\\\\\\\\\\\\000\d\fre\d</controlfield>
  <datafield tag="035" ind1=" " ind2=" ">
    <subfield code="a">(OCoLC)ocn706505156</subfield>
  </datafield>
  <datafield tag="035" ind1=" " ind2=" ">
    <subfield code="a">(OCoLC)706505156</subfield>
  </datafield>
  <datafield tag="040" ind1=" " ind2=" ">
    <subfield code="a">UXG</subfield>
    <subfield code="c">UXG</subfield>
    <subfield code="e">dcrmb</subfield>
    <subfield code="d">UXG</subfield>
    <subfield code="d">UtOrBLW</subfield>
  </datafield>
  <datafield tag="049" ind1=" " ind2=" ">
    <subfield code="a">UXGA</subfield>
  </datafield>
  <datafield tag="079" ind1=" " ind2=" ">
    <subfield code="a">ocn706505155</subfield>
  </datafield>
  <datafield tag="100" ind1="1" ind2=" ">
    <subfield code="a">Viau, Théophile de,</subfield>
    <subfield code="d">1590-1626,</subfield>
    <subfield code="0">n  82108027,</subfield>
    <subfield code="e">author.</subfield>
  </datafield>
  <datafield tag="245" ind1="1" ind2="3">
    <subfield code="a">La tragedie de Pasiphaé /</subfield>
    <subfield code="c">par le Sr. Theophile ; qui est nouuelle, et n'a jamais esté representée.</subfield>
  </datafield>
  <datafield tag="260" ind1=" " ind2=" ">
    <subfield code="a">A Paris :</subfield>
    <subfield code="b">Chez Claude &amp; Charles Hulpeau, sur le Pont S. Michel, à l'Encre Double, et Iean Martin, sur le Pont Sainct Michel, prés le Chasteau Sainct Ange,</subfield>
    <subfield code="c">MDCXXVII [1627]</subfield>
  </datafield>
  <datafield tag="300" ind1=" " ind2=" ">
    <subfield code="a">[6], 56 p. ;</subfield>
    <subfield code="c">16 cm (8vo)</subfield>
  </datafield>
  <datafield tag="336" ind1=" " ind2=" ">
    <subfield code="a">text</subfield>
    <subfield code="b">txt</subfield>
    <subfield code="2">rdacontent</subfield>
  </datafield>
  <datafield tag="337" ind1=" " ind2=" ">
    <subfield code="a">unmediated</subfield>
    <subfield code="b">n</subfield>
    <subfield code="2">rdamedia</subfield>
  </datafield>
  <datafield tag="340" ind1=" " ind2=" ">
    <subfield code="m">8vo</subfield>
    <subfield code="2">rdabf</subfield>
  </datafield>
  <datafield tag="500" ind1=" " ind2=" ">
    <subfield code="a">Signatures: ã⁴ (-ã4) A-G⁴.</subfield>
  </datafield>
  <datafield tag="500" ind1=" " ind2=" ">
    <subfield code="a">Title vignette.</subfield>
  </datafield>
  <datafield tag="700" ind1="1" ind2=" ">
    <subfield code="a">Hulpeau, Charles,</subfield>
    <subfield code="d">active 17th century,</subfield>
    <subfield code="e">printer.</subfield>
  </datafield>
  <datafield tag="700" ind1="1" ind2=" ">
    <subfield code="a">Hulpeau, Claude,</subfield>
    <subfield code="d">-approximately 1649,</subfield>
    <subfield code="e">printer.</subfield>
  </datafield>
  <datafield tag="700" ind1="1" ind2=" ">
    <subfield code="a">Martin, Jean,</subfield>
    <subfield code="d">-1636,</subfield>
    <subfield code="0">no2015129711,</subfield>
    <subfield code="e">printer.</subfield>
  </datafield>
  <datafield tag="752" ind1=" " ind2=" ">
    <subfield code="a">France</subfield>
    <subfield code="d">Paris.</subfield>
  </datafield>
  <datafield tag="852" ind1="8" ind2=" ">
    <subfield code="a">US-DFo</subfield>
    <subfield code="b">DeckC-Rare</subfield>
    <subfield code="h">265- 306q</subfield>
    <subfield code="x">RAB 20110309</subfield>
    <subfield code="z">In early mottled calf; gilt title and tooling on spine; marbled endpapers; edges stained red.</subfield>
    <subfield code="7">276257</subfield>
    <subfield code="j">265306</subfield>
  </datafield>
  <datafield tag="909" ind1="C" ind2="O">
    <subfield code="o">oai:catalog.folger.edu:230046</subfield>
    <subfield code="p">GLOBAL_SET</subfield>
  </datafield>
  <datafield tag="980" ind1=" " ind2=" ">
    <subfield code="a">BIB</subfield>
  </datafield>
  <datafield tag="983" ind1=" " ind2=" ">
    <subfield code="a">Vault</subfield>
  </datafield>
  <datafield tag="994" ind1=" " ind2=" ">
    <subfield code="a">C0</subfield>
    <subfield code="b">UXG</subfield>
  </datafield>
</record>
<record>
  <controlfield tag="000">02046cam\a2200385\a\4500</controlfield>
  <controlfield tag="001">112878</controlfield>
  <controlfield tag="005">20251009081531.0</controlfield>
  <controlfield tag="008">000802s1626\\\\fr\\\\\\\\\\\\001\0\fre\d</controlfield>
  <datafield tag="035" ind1=" " ind2=" ">
    <subfield code="a">(CStRLIN)DCFG02-B7</subfield>
  </datafield>
  <datafield tag="035" ind1=" " ind2=" ">
    <subfield code="a">112878</subfield>
  </datafield>
  <datafield tag="040" ind1=" " ind2=" ">
    <subfield code="a">DFo</subfield>
    <subfield code="c">DFo</subfield>
    <subfield code="e">dcrb</subfield>
    <subfield code="d">UtOrBLW</subfield>
  </datafield>
  <datafield tag="043" ind1=" " ind2=" ">
    <subfield code="a">e-fr---</subfield>
  </datafield>
  <datafield tag="090" ind1=" " ind2=" ">
    <subfield code="b">\252-\669q</subfield>
    <subfield code="f">252669</subfield>
    <subfield code="i">11/25/02 N</subfield>
  </datafield>
  <datafield tag="100" ind1="1" ind2=" ">
    <subfield code="a">La Primaudaye, Pierre de,</subfield>
    <subfield code="d">approximately 1545-</subfield>
    <subfield code="0">n  90656610,</subfield>
    <subfield code="e">author.</subfield>
  </datafield>
  <datafield tag="245" ind1="1" ind2="4">
    <subfield code="a">Les diuersitez naturelles de l'vniuers, de la creation et origine de toutes choses :</subfield>
    <subfield code="b">diuisez en douze iournee /</subfield>
    <subfield code="c">P.L.S.D.L.B.</subfield>
  </datafield>
  <datafield tag="246" ind1="3" ind2=" ">
    <subfield code="a">Diversitez natvrelles de l'vnivers, de la creation et origine de toutes choses</subfield>
  </datafield>
  <datafield tag="246" ind1="3" ind2=" ">
    <subfield code="a">Diversitez naturelles de l'univers, de la creation et origine de toutes choses</subfield>
  </datafield>
  <datafield tag="260" ind1=" " ind2=" ">
    <subfield code="a">A Paris :</subfield>
    <subfield code="b">Chez Guillaume Loyson ...,</subfield>
    <subfield code="c">MDCXXVI. [1626]</subfield>
  </datafield>
  <datafield tag="300" ind1=" " ind2=" ">
    <subfield code="a">[21], 507 p. ;</subfield>
    <subfield code="c">17 cm (8vo)</subfield>
  </datafield>
  <datafield tag="336" ind1=" " ind2=" ">
    <subfield code="a">text</subfield>
    <subfield code="b">txt</subfield>
    <subfield code="2">rdacontent</subfield>
  </datafield>
  <datafield tag="337" ind1=" " ind2=" ">
    <subfield code="a">unmediated</subfield>
    <subfield code="b">n</subfield>
    <subfield code="2">rdamedia</subfield>
  </datafield>
  <datafield tag="340" ind1=" " ind2=" ">
    <subfield code="m">8vo</subfield>
    <subfield code="2">rdabf</subfield>
  </datafield>
  <datafield tag="500" ind1=" " ind2=" ">
    <subfield code="a">By Pierre de La Primaudaye, seigneur de La Barrée.</subfield>
  </datafield>
  <datafield tag="500" ind1=" " ind2=" ">
    <subfield code="a">"Auec priuilege du roy."</subfield>
  </datafield>
  <datafield tag="500" ind1=" " ind2=" ">
    <subfield code="a">Signatures: [dagger]⁸ (-[dagger]2 + '*2') a-z⁸ 2A-2I⁸.</subfield>
  </datafield>
  <datafield tag="500" ind1=" " ind2=" ">
    <subfield code="a">Includes index.</subfield>
  </datafield>
  <datafield tag="510" ind1="4" ind2=" ">
    <subfield code="a">Arbour, R.  Ère baroque en France,</subfield>
    <subfield code="c">12170</subfield>
  </datafield>
  <datafield tag="510" ind1="4" ind2=" ">
    <subfield code="a">BM STC French, 1601-1700,</subfield>
    <subfield code="c">D715</subfield>
  </datafield>
  <datafield tag="650" ind1=" " ind2="0">
    <subfield code="a">Cosmology</subfield>
    <subfield code="v">Early works to 1800.</subfield>
    <subfield code="0">sh2008101799</subfield>
  </datafield>
  <datafield tag="650" ind1=" " ind2="0">
    <subfield code="a">Astrology</subfield>
    <subfield code="v">Early works to 1800.</subfield>
    <subfield code="0">sh2007100969</subfield>
  </datafield>
  <datafield tag="650" ind1=" " ind2="0">
    <subfield code="a">Science</subfield>
    <subfield code="v">Early works to 1800.</subfield>
    <subfield code="0">sh 85118565 </subfield>
  </datafield>
  <datafield tag="655" ind1=" " ind2="7">
    <subfield code="a">Printing privileges.</subfield>
    <subfield code="0">cv00653</subfield>
    <subfield code="2">rbmscv</subfield>
  </datafield>
  <datafield tag="700" ind1="1" ind2=" ">
    <subfield code="a">Loyson, Guillaume,</subfield>
    <subfield code="d">-approximately 1651,</subfield>
    <subfield code="0">nr2002001428,</subfield>
    <subfield code="e">bookseller.</subfield>
  </datafield>
  <datafield tag="752" ind1=" " ind2=" ">
    <subfield code="a">France</subfield>
    <subfield code="d">Paris.</subfield>
  </datafield>
  <datafield tag="852" ind1="8" ind2=" ">
    <subfield code="a">US-DFo</subfield>
    <subfield code="b">DeckC-Rare</subfield>
    <subfield code="h">252- 669q</subfield>
    <subfield code="7">108541</subfield>
    <subfield code="z">Folger copy: in quarter calf over paper boards, with gold-stamped label and gold tooling on spine, red speckled edges. Contemporary ownership inscription (illegible).</subfield>
  </datafield>
  <datafield tag="909" ind1="C" ind2="O">
    <subfield code="o">oai:catalog.folger.edu:112878</subfield>
    <subfield code="p">GLOBAL_SET</subfield>
  </datafield>
  <datafield tag="950" ind1=" " ind2=" ">
    <subfield code="l">RARE</subfield>
  </datafield>
  <datafield tag="980" ind1=" " ind2=" ">
    <subfield code="a">BIB</subfield>
  </datafield>
  <datafield tag="983" ind1=" " ind2=" ">
    <subfield code="a">Vault</subfield>
  </datafield>
  <datafield tag="998" ind1=" " ind2=" ">
    <subfield code="a">11/25/02</subfield>
    <subfield code="t">c</subfield>
    <subfield code="s">9114</subfield>
    <subfield code="l">DCFG</subfield>
    <subfield code="n">DFo</subfield>
    <subfield code="w">DCFG02B7</subfield>
    <subfield code="d">01/09/02</subfield>
    <subfield code="c">RAB</subfield>
    <subfield code="b">RAB</subfield>
  </datafield>
</record>
<record>
  <controlfield tag="000">02470cam\a2200433ua\4500</controlfield>
  <controlfield tag="001">75702</controlfield>
  <controlfield tag="005">20251009073750.0</controlfield>
  <controlfield tag="008">860731s1622\\\\fr\a\\\\\\\\\\000\0\fre\\</controlfield>
  <datafield tag="010" ind1=" " ind2=" ">
    <subfield code="a">   74177330 </subfield>
  </datafield>
  <datafield tag="035" ind1=" " ind2=" ">
    <subfield code="9">DCFG86-B973</subfield>
  </datafield>
  <datafield tag="040" ind1=" " ind2=" ">
    <subfield code="c">DFo</subfield>
    <subfield code="d">DFo</subfield>
    <subfield code="d">UtOrBLW</subfield>
  </datafield>
  <datafield tag="043" ind1=" " ind2=" ">
    <subfield code="a">e-fr---</subfield>
  </datafield>
  <datafield tag="050" ind1="0" ind2="0">
    <subfield code="a">PN6352</subfield>
    <subfield code="b">.P37</subfield>
  </datafield>
  <datafield tag="090" ind1=" " ind2=" ">
    <subfield code="a">PN6349</subfield>
    <subfield code="b">.P3 1622</subfield>
    <subfield code="n">:690,700-2 FOR OTHER EDITIONS SEE MAIN ENTRY.</subfield>
    <subfield code="t">6̃50</subfield>
    <subfield code="t">6̃55</subfield>
    <subfield code="i">08/12/86 C</subfield>
  </datafield>
  <datafield tag="100" ind1="1" ind2=" ">
    <subfield code="a">Paradin, Claude,</subfield>
    <subfield code="d">active 16th century,</subfield>
    <subfield code="0">n  83148753,</subfield>
    <subfield code="e">author.</subfield>
  </datafield>
  <datafield tag="240" ind1="1" ind2="0">
    <subfield code="a">Devises héroiques</subfield>
  </datafield>
  <datafield tag="245" ind1="1" ind2="0">
    <subfield code="a">Deuises heroiques et emblemes /</subfield>
    <subfield code="c">de M. Claude Paradin.</subfield>
  </datafield>
  <datafield tag="250" ind1=" " ind2=" ">
    <subfield code="a">Reueuës &amp; augmentées de moitié / par Messire François d'Amboise.</subfield>
  </datafield>
  <datafield tag="260" ind1=" " ind2=" ">
    <subfield code="a">A Paris :</subfield>
    <subfield code="b">Chez Rolet Boutonné ...,</subfield>
    <subfield code="c">1622.</subfield>
  </datafield>
  <datafield tag="300" ind1=" " ind2=" ">
    <subfield code="a">[12], 339, [1] p. :</subfield>
    <subfield code="b">ill. (engravings) ;</subfield>
    <subfield code="c">17 cm (8vo)</subfield>
  </datafield>
  <datafield tag="336" ind1=" " ind2=" ">
    <subfield code="a">text</subfield>
    <subfield code="b">txt</subfield>
    <subfield code="2">rdacontent</subfield>
  </datafield>
  <datafield tag="337" ind1=" " ind2=" ">
    <subfield code="a">unmediated</subfield>
    <subfield code="b">n</subfield>
    <subfield code="2">rdamedia</subfield>
  </datafield>
  <datafield tag="340" ind1=" " ind2=" ">
    <subfield code="d">engraving</subfield>
    <subfield code="2">rdapm</subfield>
  </datafield>
  <datafield tag="340" ind1=" " ind2=" ">
    <subfield code="m">8vo</subfield>
    <subfield code="2">rdabf</subfield>
  </datafield>
  <datafield tag="340" ind1=" " ind2=" ">
    <subfield code="p">illustration</subfield>
    <subfield code="2">rdaill</subfield>
  </datafield>
  <datafield tag="340" ind1=" " ind2=" ">
    <subfield code="p">egraving</subfield>
  </datafield>
  <datafield tag="500" ind1=" " ind2=" ">
    <subfield code="a">With 2nd title page engraved, dated 1621.</subfield>
  </datafield>
  <datafield tag="500" ind1=" " ind2=" ">
    <subfield code="a">Signatures: ã⁴ ẽ² A-X⁸ Y² (P2 missigned 'O2').</subfield>
  </datafield>
  <datafield tag="500" ind1=" " ind2=" ">
    <subfield code="a">Illustrated with engravings which are reverse copies of the woodcuts in the 1551 Lyons ed. attributed to Bernard Salomon.  Cf. Mortimer and Praz.</subfield>
  </datafield>
  <datafield tag="510" ind1="4" ind2=" ">
    <subfield code="a">Kelso, R.  English gentleman,</subfield>
    <subfield code="c">676</subfield>
  </datafield>
  <datafield tag="510" ind1="4" ind2=" ">
    <subfield code="a">Landwehr, J.  French, Italian ... books of devices and emblems,</subfield>
    <subfield code="c">573</subfield>
  </datafield>
  <datafield tag="650" ind1=" " ind2="0">
    <subfield code="a">Devices (Heraldry)</subfield>
    <subfield code="0">sh 85037375</subfield>
    <subfield code="v">Early works to 1800.</subfield>
    <subfield code="0">sh 99001366 </subfield>
  </datafield>
  <datafield tag="650" ind1=" " ind2="0">
    <subfield code="a">Emblems</subfield>
    <subfield code="v">Early works to 1800.</subfield>
    <subfield code="0">sh2008102967</subfield>
  </datafield>
  <datafield tag="655" ind1=" " ind2="7">
    <subfield code="a">Illustrations (layout features)</subfield>
    <subfield code="0">300015578</subfield>
    <subfield code="2">aat</subfield>
  </datafield>
  <datafield tag="655" ind1=" " ind2="7">
    <subfield code="a">Emblem books.</subfield>
    <subfield code="2">rbmscv</subfield>
  </datafield>
  <datafield tag="700" ind1="1" ind2=" ">
    <subfield code="a">Amboise, François d',</subfield>
    <subfield code="d">1550-1620.</subfield>
    <subfield code="0">n  79091620 </subfield>
  </datafield>
  <datafield tag="700" ind1="1" ind2=" ">
    <subfield code="a">Salomon, Bernard,</subfield>
    <subfield code="d">approximately 1506-approximately 1561.</subfield>
    <subfield code="0">n  85381316 </subfield>
  </datafield>
  <datafield tag="700" ind1="1" ind2=" ">
    <subfield code="a">Smedley, William T.</subfield>
    <subfield code="q">(William Thomas),</subfield>
    <subfield code="d">1851-1934,</subfield>
    <subfield code="0">nr 00034122,</subfield>
    <subfield code="e">former owner.</subfield>
    <subfield code="5">DFo</subfield>
  </datafield>
  <datafield tag="700" ind1="1" ind2=" ">
    <subfield code="a">Boutonné, Rolet,</subfield>
    <subfield code="d">active 1610-1639,</subfield>
    <subfield code="e">printer.</subfield>
  </datafield>
  <datafield tag="752" ind1=" " ind2=" ">
    <subfield code="a">France</subfield>
    <subfield code="d">Paris.</subfield>
  </datafield>
  <datafield tag="852" ind1="0" ind2=" ">
    <subfield code="a">US-DFo</subfield>
    <subfield code="b">DeckC-Rare</subfield>
    <subfield code="h">PN6349</subfield>
    <subfield code="i">.P3 1622</subfield>
    <subfield code="m">Cage</subfield>
    <subfield code="7">77735</subfield>
    <subfield code="z">With: Discours ou traicte des deuises / par Adrian d'Amboise.  A Paris : Chez Rolet Boutonne ..., 1620. -- Deuises royales / par Adrian d' Amboise.  A Paris : Chez Rolet Boutonne ..., 1621.</subfield>
    <subfield code="z">Folger copy: W.T. Smedley copy.</subfield>
  </datafield>
  <datafield tag="909" ind1="C" ind2="O">
    <subfield code="o">oai:catalog.folger.edu:75702</subfield>
    <subfield code="p">GLOBAL_SET</subfield>
  </datafield>
  <datafield tag="950" ind1=" " ind2=" ">
    <subfield code="l">RARE</subfield>
    <subfield code="e">Cage</subfield>
    <subfield code="i">08/12/86 C</subfield>
  </datafield>
  <datafield tag="980" ind1=" " ind2=" ">
    <subfield code="a">BIB</subfield>
  </datafield>
  <datafield tag="983" ind1=" " ind2=" ">
    <subfield code="a">Vault</subfield>
  </datafield>
  <datafield tag="998" ind1=" " ind2=" ">
    <subfield code="a">08/12/86</subfield>
    <subfield code="t">c</subfield>
    <subfield code="s">9110</subfield>
    <subfield code="n">DFo</subfield>
    <subfield code="w">DCFG86B973</subfield>
    <subfield code="d">07/31/86</subfield>
    <subfield code="c">MCF</subfield>
    <subfield code="b">MCF</subfield>
    <subfield code="l">DCFG</subfield>
  </datafield>
</record>
<record>
  <controlfield tag="000">02596cam\a2200445\a\4500</controlfield>
  <controlfield tag="001">125828</controlfield>
  <controlfield tag="005">20251009082924.0</controlfield>
  <controlfield tag="008">030418s1628\\\\fr\\\\\\\\\\\\001\0\fre\d</controlfield>
  <datafield tag="035" ind1=" " ind2=" ">
    <subfield code="a">(CStRLIN)DCFG03-B546</subfield>
  </datafield>
  <datafield tag="035" ind1=" " ind2=" ">
    <subfield code="a">125828</subfield>
  </datafield>
  <datafield tag="040" ind1=" " ind2=" ">
    <subfield code="a">DNLM</subfield>
    <subfield code="c">DNLM</subfield>
    <subfield code="d">CStRLIN</subfield>
    <subfield code="d">MnU-B</subfield>
    <subfield code="d">DFo</subfield>
    <subfield code="e">dcrb</subfield>
    <subfield code="d">UtOrBLW</subfield>
  </datafield>
  <datafield tag="043" ind1=" " ind2=" ">
    <subfield code="a">e-fr---</subfield>
  </datafield>
  <datafield tag="060" ind1="0" ind2="0">
    <subfield code="a">WZ 250</subfield>
    <subfield code="b">L1265dL 1628</subfield>
  </datafield>
  <datafield tag="090" ind1=" " ind2=" ">
    <subfield code="b">\245-\261q</subfield>
    <subfield code="f">245261</subfield>
    <subfield code="i">08/05/03 N</subfield>
  </datafield>
  <datafield tag="100" ind1="1" ind2=" ">
    <subfield code="a">La Brosse, Guy de,</subfield>
    <subfield code="d">1586?-1641,</subfield>
    <subfield code="0">n  84090517,</subfield>
    <subfield code="e">author.</subfield>
  </datafield>
  <datafield tag="245" ind1="1" ind2="0">
    <subfield code="a">De la nature, vertu, et vtilité des plantes :</subfield>
    <subfield code="b">diuisé an cinq liures.</subfield>
  </datafield>
  <datafield tag="246" ind1="3" ind2=" ">
    <subfield code="a">De la natvre, vertv, et vtilité des plantes</subfield>
  </datafield>
  <datafield tag="246" ind1="3" ind2=" ">
    <subfield code="a">De la nature, vertu, et utilité des plantes</subfield>
  </datafield>
  <datafield tag="260" ind1=" " ind2=" ">
    <subfield code="a">A Paris :</subfield>
    <subfield code="b">Chez Rollin Baragnes ...,</subfield>
    <subfield code="c">MDCXXVIII [1628]</subfield>
  </datafield>
  <datafield tag="300" ind1=" " ind2=" ">
    <subfield code="a">[32], 160, [8], 161-288, [8], 289-540, [4], 541-572, 575-654, 665-776, 775-849, [29] p., [2] folded leaves of plates ;</subfield>
    <subfield code="c">19 cm (8vo)</subfield>
  </datafield>
  <datafield tag="336" ind1=" " ind2=" ">
    <subfield code="a">text</subfield>
    <subfield code="b">txt</subfield>
    <subfield code="2">rdacontent</subfield>
  </datafield>
  <datafield tag="337" ind1=" " ind2=" ">
    <subfield code="a">unmediated</subfield>
    <subfield code="b">n</subfield>
    <subfield code="2">rdamedia</subfield>
  </datafield>
  <datafield tag="340" ind1=" " ind2=" ">
    <subfield code="m">8vo</subfield>
    <subfield code="2">rdabf</subfield>
  </datafield>
  <datafield tag="500" ind1=" " ind2=" ">
    <subfield code="a">Signatures: ã⁸ ẽ⁴ ĩ⁴ A-K⁸ L⁴ M-T⁸ V⁴ X-2F⁸ 2G⁴ 2H² 2I-2O⁸ 2P² 2Q-3M⁸ 3N⁴.</subfield>
  </datafield>
  <datafield tag="500" ind1=" " ind2=" ">
    <subfield code="a">Added engraved title page</subfield>
  </datafield>
  <datafield tag="500" ind1=" " ind2=" ">
    <subfield code="a">Two folded letterpress leaves of tables inserted between 2H2 and 2I1.</subfield>
  </datafield>
  <datafield tag="500" ind1=" " ind2=" ">
    <subfield code="a">"Dessein d'un jardin royal pour la culture des plantes medicinales a Paris": p. [681]-849.</subfield>
  </datafield>
  <datafield tag="500" ind1=" " ind2=" ">
    <subfield code="a">Includes index.</subfield>
  </datafield>
  <datafield tag="610" ind1="2" ind2="0">
    <subfield code="a">Muséum national d'histoire naturelle (France)</subfield>
    <subfield code="0">n  80097456 </subfield>
  </datafield>
  <datafield tag="650" ind1=" " ind2="0">
    <subfield code="a">Botany, Medical</subfield>
    <subfield code="v">Early works to 1800.</subfield>
    <subfield code="0">sh2007102110</subfield>
  </datafield>
  <datafield tag="650" ind1=" " ind2="0">
    <subfield code="a">Botany</subfield>
    <subfield code="v">Pre-Linnean works.</subfield>
    <subfield code="0">sh 85015997 </subfield>
  </datafield>
  <datafield tag="655" ind1=" " ind2="7">
    <subfield code="a">Printing privileges.</subfield>
    <subfield code="0">cv00653</subfield>
    <subfield code="2">rbmscv</subfield>
  </datafield>
  <datafield tag="655" ind1=" " ind2="7">
    <subfield code="a">Printed waste.</subfield>
    <subfield code="0">cv01764</subfield>
    <subfield code="2">rbmscv</subfield>
    <subfield code="5">DFo</subfield>
  </datafield>
  <datafield tag="700" ind1="1" ind2=" ">
    <subfield code="a">Baragnes, Rolin,</subfield>
    <subfield code="e">printer.</subfield>
  </datafield>
  <datafield tag="700" ind1="1" ind2=" ">
    <subfield code="a">Massey, Mary P.,</subfield>
    <subfield code="0">nr 00018744,</subfield>
    <subfield code="e">former owner.</subfield>
    <subfield code="5">DFo</subfield>
  </datafield>
  <datafield tag="710" ind1="2" ind2=" ">
    <subfield code="a">Edizioni Il Polifilo,</subfield>
    <subfield code="0">n  83211935,</subfield>
    <subfield code="e">former owner.</subfield>
    <subfield code="5">DFo</subfield>
  </datafield>
  <datafield tag="740" ind1="0" ind2="2">
    <subfield code="a">Dessein d'un jardin royal pour la culture des plantes medecinales a Paris.</subfield>
  </datafield>
  <datafield tag="752" ind1=" " ind2=" ">
    <subfield code="a">France</subfield>
    <subfield code="d">Paris.</subfield>
  </datafield>
  <datafield tag="852" ind1="8" ind2=" ">
    <subfield code="a">US-DFo</subfield>
    <subfield code="b">DeckC-Rare</subfield>
    <subfield code="h">245- 261q</subfield>
    <subfield code="7">117525</subfield>
    <subfield code="z">Folger copy: imperfect: lower right portion of title page repaired; part of statement of responsibility and imprint supplied in ms; added engraved t.p. wanting.</subfield>
    <subfield code="z">Folger copy: in vellum; printed waste used as binding reinforcement.  Bookseller's label: Il Polifilo via Borgonuovo 3 Milano. Bookplate: Mary P. Massey.</subfield>
  </datafield>
  <datafield tag="909" ind1="C" ind2="O">
    <subfield code="o">oai:catalog.folger.edu:125828</subfield>
    <subfield code="p">GLOBAL_SET</subfield>
  </datafield>
  <datafield tag="950" ind1=" " ind2=" ">
    <subfield code="l">RARE</subfield>
  </datafield>
  <datafield tag="980" ind1=" " ind2=" ">
    <subfield code="a">BIB</subfield>
  </datafield>
  <datafield tag="983" ind1=" " ind2=" ">
    <subfield code="a">Vault</subfield>
  </datafield>
  <datafield tag="998" ind1=" " ind2=" ">
    <subfield code="a">08/05/03</subfield>
    <subfield code="t">c</subfield>
    <subfield code="s">9115</subfield>
    <subfield code="l">DCFG</subfield>
    <subfield code="n">DFo</subfield>
    <subfield code="w">DCFG03B546</subfield>
    <subfield code="d">04/18/03</subfield>
    <subfield code="c">RAB</subfield>
    <subfield code="b">RAB</subfield>
  </datafield>
</record>
<record>
  <controlfield tag="000">02926cam\a2200421\a\4500</controlfield>
  <controlfield tag="001">189384</controlfield>
  <controlfield tag="005">20251009095446.0</controlfield>
  <controlfield tag="008">050407s1625\\\\fr\\\\\\\\\\\\000\0\fre\d</controlfield>
  <datafield tag="035" ind1=" " ind2=" ">
    <subfield code="a">(CStRLIN)DCFG06-B500</subfield>
  </datafield>
  <datafield tag="035" ind1=" " ind2=" ">
    <subfield code="a">189384</subfield>
  </datafield>
  <datafield tag="040" ind1=" " ind2=" ">
    <subfield code="a">MH-H</subfield>
    <subfield code="c">MH-H</subfield>
    <subfield code="d">CStRLIN</subfield>
    <subfield code="d">DFo</subfield>
    <subfield code="e">dcrb</subfield>
    <subfield code="d">UtOrBLW</subfield>
  </datafield>
  <datafield tag="041" ind1="0" ind2=" ">
    <subfield code="a">fre</subfield>
    <subfield code="a">eng</subfield>
  </datafield>
  <datafield tag="043" ind1=" " ind2=" ">
    <subfield code="a">e-fr---</subfield>
  </datafield>
  <datafield tag="090" ind1=" " ind2=" ">
    <subfield code="a">STC 12173.3</subfield>
  </datafield>
  <datafield tag="245" ind1="0" ind2="0">
    <subfield code="a">Grammaire angloise :</subfield>
    <subfield code="b">pour facilement et promptement apprendre la langue angloise, qui peut aussi aider aux anglois pour apprendre la langue françoise.</subfield>
  </datafield>
  <datafield tag="260" ind1=" " ind2=" ">
    <subfield code="a">A Paris :</subfield>
    <subfield code="b">Chez Pierre Billaine, ruë Sainct Iacques, à la Bonne Foy,</subfield>
    <subfield code="c">MDCXXV [1625]</subfield>
  </datafield>
  <datafield tag="300" ind1=" " ind2=" ">
    <subfield code="a">[8], 205, [3]; 31, [1] p. ;</subfield>
    <subfield code="c">17 cm (8vo)</subfield>
  </datafield>
  <datafield tag="336" ind1=" " ind2=" ">
    <subfield code="a">text</subfield>
    <subfield code="b">txt</subfield>
    <subfield code="2">rdacontent</subfield>
  </datafield>
  <datafield tag="337" ind1=" " ind2=" ">
    <subfield code="a">unmediated</subfield>
    <subfield code="b">n</subfield>
    <subfield code="2">rdamedia</subfield>
  </datafield>
  <datafield tag="340" ind1=" " ind2=" ">
    <subfield code="m">8vo</subfield>
    <subfield code="2">rdabf</subfield>
  </datafield>
  <datafield tag="500" ind1=" " ind2=" ">
    <subfield code="a">Text in French and English.</subfield>
  </datafield>
  <datafield tag="500" ind1=" " ind2=" ">
    <subfield code="a">Dedication to Princess Henrietta Maria (who was shortly to marry Charles, Prince of Wales) signed: CFL [monogram or cipher], Au College de Nauarre, ce 8 feurier 1625. Compiled from various sources, including Jacques Bellot's Le maistre d'escole anglois and Hollyband's French Littelton, probably by one of the professors of the college. See Stoughton, N. "'His hatband is made of diamondes' : France's first English textbook." The book collector, v. 60:1 (Spring 2011).</subfield>
  </datafield>
  <datafield tag="500" ind1=" " ind2=" ">
    <subfield code="a">"Auec priuilege du roy."</subfield>
  </datafield>
  <datafield tag="500" ind1=" " ind2=" ">
    <subfield code="a">Signatures: ã⁴ A-N⁸; ²A-B⁸.</subfield>
  </datafield>
  <datafield tag="500" ind1=" " ind2=" ">
    <subfield code="a">Publisher's device engraved on t.-p.</subfield>
  </datafield>
  <datafield tag="500" ind1=" " ind2=" ">
    <subfield code="a">Pages 32, 150, 177 misnumbered 23, 50, 771.</subfield>
  </datafield>
  <datafield tag="500" ind1=" " ind2=" ">
    <subfield code="a">Pages 1-61 contain the text of Jacques Bellot's Le maistre d'escole anglois, first published in London in 1580. Part 2 has separate paging and signatures, and special t.-p.: Alphabet anglois. Contenant la prononciation des lettres avec les declinaisons &amp; coniugaisons ...</subfield>
  </datafield>
  <datafield tag="500" ind1=" " ind2=" ">
    <subfield code="a">Errata leaf: N8 (p. [207-208].)</subfield>
  </datafield>
  <datafield tag="510" ind1="4" ind2=" ">
    <subfield code="a">English short title catalogue (ESTC),</subfield>
    <subfield code="c">S3198</subfield>
  </datafield>
  <datafield tag="510" ind1="4" ind2=" ">
    <subfield code="a">Pollard, A.W. Short-title catalogue of books printed in England, Scotland, &amp; Ireland and of English books printed abroad, 1475-1640 (2nd ed.) (STC),</subfield>
    <subfield code="c">12173.3</subfield>
  </datafield>
  <datafield tag="510" ind1="4" ind2=" ">
    <subfield code="a">Alston, R.C.  Engl. lang.,</subfield>
    <subfield code="c">v.2, 165</subfield>
  </datafield>
  <datafield tag="650" ind1=" " ind2="0">
    <subfield code="a">English language</subfield>
    <subfield code="v">Textbooks for foreign speakers</subfield>
    <subfield code="x">French.</subfield>
    <subfield code="0">sh2008119550</subfield>
  </datafield>
  <datafield tag="655" ind1=" " ind2="7">
    <subfield code="a">Printing privileges.</subfield>
    <subfield code="0">cv00653</subfield>
    <subfield code="2">rbmscv</subfield>
  </datafield>
  <datafield tag="655" ind1=" " ind2="7">
    <subfield code="a">Textbooks.</subfield>
    <subfield code="0">300026384</subfield>
    <subfield code="2">aat</subfield>
  </datafield>
  <datafield tag="700" ind1="1" ind2="2">
    <subfield code="a">Bellot, Jacques.</subfield>
    <subfield code="0">nr 92010867.</subfield>
    <subfield code="t">Maistre d'escole anglois.</subfield>
  </datafield>
  <datafield tag="700" ind1="1" ind2=" ">
    <subfield code="a">Hollyband, Claudius,</subfield>
    <subfield code="d">active 16th century.</subfield>
    <subfield code="0">n  50041636.</subfield>
    <subfield code="t">French Littelton.</subfield>
  </datafield>
  <datafield tag="700" ind1="1" ind2=" ">
    <subfield code="a">Billaine, Pierre,</subfield>
    <subfield code="e">bookseller.</subfield>
  </datafield>
  <datafield tag="740" ind1="0" ind2="2">
    <subfield code="a">Alphabet anglois.</subfield>
  </datafield>
  <datafield tag="752" ind1=" " ind2=" ">
    <subfield code="a">France</subfield>
    <subfield code="d">Paris.</subfield>
  </datafield>
  <datafield tag="852" ind1="8" ind2=" ">
    <subfield code="a">US-DFo</subfield>
    <subfield code="b">DeckB-STC</subfield>
    <subfield code="h">STC 12173.3</subfield>
    <subfield code="z">Wormhole leaves G3-H6, cutting into bottom line of print on the versos of some leaves. Cropt at head, affecting some headlines. In vellum case binding. Stamp: Leitzkau.</subfield>
    <subfield code="7">227312</subfield>
  </datafield>
  <datafield tag="909" ind1="C" ind2="O">
    <subfield code="o">oai:catalog.folger.edu:189384</subfield>
    <subfield code="p">GLOBAL_SET</subfield>
  </datafield>
  <datafield tag="980" ind1=" " ind2=" ">
    <subfield code="a">BIB</subfield>
  </datafield>
  <datafield tag="983" ind1=" " ind2=" ">
    <subfield code="a">Vault</subfield>
  </datafield>
</record>

</collection>